{"text_format":"3","workbook":"xlsx","n_sheets":2,"sheets":["Лист1","Лист2"],"not_rendered":{"defined_names":1},"read":"whole","date_system":"1900"}

{"sheet":"Лист1","index":0,"n_rows":670,"n_cols":14,"rows_kept":670}
["№","Район","Название ОУ","Фамилия","Имя","Отчество","Пол","Класс","Класс участия","итоговый балл","Макс.балл","Статус","Учитель","Место работы учителя"]
[1,"Ново-Савиновский район","МБОУ \"Гимназия №7\"","Галлямов","К.","А.","м",7,7,86,100,"Победитель","Ипполитова Лариса Владимировна","МБОУ \"Гимназия №7 им. Героя России Козина А.В.\""]
[2,"Вахитовский район","МБОУ \"Школа №12\"","Зюлин","А.","А.","м",7,7,70,100,"призер","Юнусова Гузель Равилевна","МБОУ СОШ №12"]
[3,"Ново-Савиновский район","МБОУ \"Школа №85\"","Басыров","Д.","Р.","м",7,7,67,100,"призер","Яруллина Гульнур Мансуровна","МБОУ \"Школа №85\""]
[4,"Советский район","МБОУ \"Лицей №123\"","Шрамко","М.","Е.","м",7,7,65,100,"призер","Хазиева Ольга Александровна","МБОУ \"Лицей №123\""]
[5,"Советский район","МБОУ \"Гимназия №90\"","Солдатов","А.","А.","м",7,7,63,100,"призер","Володин Алксандр Геннадьевич","МБОУ \"Гимназия № 90\" Советского района г. Казани"]
[6,"Ново-Савиновский район","МБОУ \"Гимназия №179-центр образования\"","Гулько","М.","С.","м",7,7,63,100,"призер","Пекменова Алла Владимировна","\"Гимназия №179 - центр образования\""]
[7,"Ново-Савиновский район","МБОУ \"Школа №85\"","Салимгареева","А.","Д.","ж",7,7,63,100,"призер","Боргоякова Софья Георгиевна","Многопрофильный образовательный центр \"ArtHeart\""]
[8,"Вахитовский район","МБОУ \"Гимназия №96\"","Высоцкая","В.","А.","ж",7,7,63,100,"призер","Муллахметова Юлия Геннадьевна","МБОУ Гимназия №96"]
[9,"Ново-Савиновский район","МБОУ \"Лицей №170\"","Вагапова","В.","Г.","ж",7,7,62,100,"призер","Волкова Наталья Витальевна","МБОУ \"Лицей 170\""]
[10,"Московский район","МБОУ \"Гимназия № 122 имени Ж.А.Зайцевой\"","Каюмов","Б.","И.","м",7,7,61,100,"призер","Садыков Жаудат Назипович","МБОУ Гимназия 122 имени Ж.А. Зайцевой"]
[11,"Вахитовский район","СОШИ \"Лицей имени Н.И.Лобачевского\" КФУ","Горбунов","А.","Е.","ж",7,7,60,100,"призер","Билалова Дина Султановна","СОШИ \"Лицей имени Н.И.Лобачевского\" КФУ"]
[12,"Вахитовский район","СОШИ \"Лицей имени Н.И.Лобачевского\" КФУ","Глухова","А.","В.","ж",7,7,58,100,"призер","Билалова Дина Султановна","СОШИ \"Лицей имени Н.И.Лобачевского\" КФУ"]
[13,"Вахитовский район","МАОУ \"Лицей №131\"","Мустафин","Р.","Р.","м",7,7,58,100,"призер","Файзулина Диляра Сагитовна","МАОУ \"Лицей №131\""]
[14,"Ново-Савиновский район","МАОУ \"Лицей №146 \"Ресурс\"","Трофимов","Т.","Р.","м",7,7,51,100,"призер","Халиуллина Резеда Рашидовна","МАОУ \"Лицей № 146 \"Ресурс\""]
[15,"Ново-Савиновский район","МБОУ \"Школа №85\"","Хабибуллин","Б.","Р.","м",7,7,50,100,"призер","Боргоякова Софья Георгиевна","Многопрофильный образовательный центр \"ArtHeart\""]
[16,"Приволжский район","МБОУ \"Школа №82\"","Пилишкина","А.","А.","ж",7,7,48,100,"участник","Комар Алла Владимировна","МБОУ \"Школа №82\""]
[17,"Советский район","МБОУ \"Гимназия №175\"","Яруллин","Т.","Л.","м",7,7,47,100,"участник","Хафизова Эльвира Закирзяновна","МБОУ \"Гимназия 175\""]
[18,"Вахитовский район","СОШИ \"Лицей имени Н.И.Лобачевского\" КФУ","Пустовалов","Д.","А.","ж",7,7,47,100,"участник","Билалова Дина Султановна","СОШИ \"Лицей имени Н.И.Лобачевского\" КФУ"]
[19,"Ново-Савиновский район","МБОУ \"Гимназия №13\"","Рифатова","Ф.","Т.","ж",7,7,42,100,"участник","Низамова Лилия Габделхалимовна","МБОУ \"Гимназия № 13 с татарским языком обучения\" Ново-Савиновского района г. Казани"]
[20,"Вахитовский район","МАОУ \"Лицей №131\"","Масленников","Ф.","Д.","м",7,7,42,100,"участник","Файзулина Диляра Сагитовна","МАОУ \"Лицей №131\""]
[21,"Приволжский район","СУНЦ IT-лицей КФУ","Хакимзянов","С.","И.","м",7,7,41,100,"участник","Аглямзянов Рим Камилевич","СУНЦ IT-лицей КФУ"]
[22,"Московский район","МБОУ \"Гимназия №12 имени Ф.Г.Аитовой\"","Сагадеева","К.","Р.","ж",7,7,40,100,"участник","Гилаева Алсу Айдаровна","МБОУ \"Гимназия №12 им. Ф.Г. Аитовой с татарским языком обучения\""]
[23,"Советский район","МБОУ \"Лицей №79\"","Рахимуллин","А.","И.","м",7,7,40,100,"участник","Акимова Ирина Сергеевна","Муниципальное бюджетное общеобразовательное учреждение \"Эколого-технологический лицей №79\"Советского района г.Казани"]
[24,"Авиастроительный район","МБОУ \"Лицей №145\"","Галиуллин","И.","И.","м",7,7,39,100,"участник","Садиков Ирек Ильдарович","МБОУ \"Лицей №145\""]
[25,"Ново-Савиновский район","МБОУ \"Школа №103\"","Симонова","Д.","А.","ж",7,7,38,100,"участник","Преснова Наталья Геннадьевна","МБОУ \"Школа №103\""]
[26,"Московский район","МБОУ \"Гимназия №9\"","Онегов","А.","В.","м",7,7,38,100,"участник","Кравченко Юлия Геннадьевна","МБОУ \"Гимназия №9\""]
[27,"Вахитовский район","МАОУ \"Лицей №131\"","Козлов","А.","А.","м",7,7,38,100,"участник","Айнулова Гульчачак Ниязовна","МАОУ \"Лицей №131\""]
[28,"Приволжский район","МБОУ \"Лицей №78 \"Фарватер\"","Петров","В.","А.","м",7,7,38,100,"участник","Хузин Наиль Румилевич","МБОУ \"Лицей № 78 \"Фарватер\" Приволжского района г.Казани"]
[29,"Ново-Савиновский район","МБОУ \"Гимназия №179-центр образования\"","Хабибуллин","Э.","И.","ж",7,7,37,100,"участник","Пекменова Алла Владимировна","\"Гимназия №179 - центр образования\""]
[30,"Советский район","МБОУ \"Гимназия №90\"","Галиуллина","А.","А.","ж",7,7,35,100,"участник","Володин Алксандр Геннадьевич","МБОУ \"Гимназия № 90\" Советского района г. Казани"]
[31,"Советский район","МБОУ \"Школа №167\"","Макаров","М.","Д.","м",7,7,34,100,"участник","Макарова Светлана Анатольевна","МБОУ \"Средняя общеобразовательная школа №167 с углубленным изучением отдельных предметов\" Советского района г.Казани"]
[32,"Ново-Савиновский район","МБОУ \"Гимназия №7\"","Шагиморданов","С.","Р.","м",7,7,33,100,"участник","Коломина Фирдания Шарифовна","МБОУ \"Гимназия №7 им. Героя России Козина А.В.\""]
[33,"Советский район","МБОУ \"Школа №108\"","Овсянников","Т.","Н.","м",7,7,33,100,"участник","Тагирова Алия Тагировна","Муниципальное бюджетное общеобразовательное учреждение \"ООШ №108\" г.Казани Республики Татарстан"]
[34,"Приволжский район","МБОУ \"Школа №48\"","Царев","Д.","А.","м",7,7,33,100,"участник","Кашапова Ольга Ивановна","МБОУ \"СОШ №48\""]
[35,"Советский район","МБОУ \"Гимназия №90\"","Габитов","М.","И.","м",7,7,32,100,"участник","Володин Алксандр Геннадьевич","МБОУ \"Гимназия № 90\" Советского района г. Казани"]
[36,"Приволжский район","МАОУ \"Гимназия №19\"","Макарова","А.","Е.","ж",7,7,32,100,"участник","Баранова Ольга Алексеевгна","Муниципальное автономное общеобразовательное учреждение «Гимназия №19» Приволжского района г. Казани/"]
[37,"Ново-Савиновский район","МБОУ \"Школа №85\"","Гузельбаев","Р.","Т.","м",7,7,32,100,"участник","Боргоякова Софья Георгиевна","Многопрофильный образовательный центр \"ArtHeart\""]
[38,"Ново-Савиновский район","МБОУ \"Школа №85\"","Тягунова","П.","Р.","ж",7,7,31,100,"участник","Боргоякова Софья Георгиевна","Многопрофильный образовательный центр \"ArtHeart\""]
[39,"Ново-Савиновский район","МБОУ \"Лицей №23\"","Халиуллина","Я.","Р.","ж",7,7,30,100,"участник","Мустафина Айгуль Фагимовна","МБОУ \"Лицей №23\" г. Казани"]
[40,"Ново-Савиновский район","МБОУ \"Школа №113\"","Комлев","М.","А.","м",7,7,30,100,"участник","Ямсков Сергей Геннадьевич","МБОУ \"Школа№113\""]
[41,"Московский район","МБОУ \"Татарская гимназия №2 при КФУ\"","Ялилов","М.","А.","м",7,7,30,100,"участник","Исхакова Алия Эдуардовна","МБОУ \"Татарская гимназия №2 при КФУ\""]
[42,"Московский район","МБОУ \"Татарская гимназия №2 при КФУ\"","Зарипова","Д.","И.","ж",7,7,30,100,"участник","Исхакова Алия Эдуардовна","МБОУ \"Татарская гимназия №2 при КФУ\""]
[43,"Московский район","МБОУ \"Гимназия №12 имени Ф.Г.Аитовой\"","Чумарова","А.","В.","ж",7,7,30,100,"участник","Гилаева Алсу Айдаровна","МБОУ \"Гимназия №12 им. Ф.Г. Аитовой с татарским языком обучения\""]
[44,"Вахитовский район","МАОУ \"Лицей №131\"","Макарова","М.","К.","ж",7,7,30,100,"участник","Айнулова Гульчачак Ниязовна","МАОУ \"Лицей №131\""]
[45,"Приволжский район","МБОУ \"Школа №129\"","Гильмханова","А.","М.","ж",7,7,30,100,"участник","Олексенко Ольга Александровна","МБОУ \"Школа№129\""]
[46,"Ново-Савиновский район","МБОУ \"Школа №103\"","Ардашева","А.","В.","ж",7,7,29,100,"участник","Хакимова Эльмира Зуфаровна","МБОУ \"Школа №103\""]
[47,"Ново-Савиновский район","МБОУ \"Гимназия №13\"","Валиева","З.","И.","ж",7,7,29,100,"участник","Низамова Лилия Габделхалимовна","МБОУ \"Гимназия № 13 с татарским языком обучения\" Ново-Савиновского района г. Казани"]
[48,"Ново-Савиновский район","МБОУ \"Школа №85\"","Хабибуллин","А.","Р.","м",7,7,29,100,"участник","Боргоякова Софья Георгиевна","Многопрофильный образовательный центр \"ArtHeart\""]
[49,"Советский район","МБОУ \"Лицей №185\"","Ершов","М.","А.","м",7,7,29,100,"участник","Аббязова Аделя Юрьевна","Лицей № 185"]
[50,"Приволжский район","МБОУ \"Многопрофильный лицей №133\"","Хаматов","Р.","Р.","м",7,7,29,100,"участник","Девицкая Нина Юрьевна","МБОУ \"Лицей №133\""]
[51,"Ново-Савиновский район","МБОУ \"Школа №85\"","Ахмедов","Д.","Б.","м",7,7,28,100,"участник","Боргоякова Софья Георгиевна","Многопрофильный образовательный центр \"ArtHeart\""]
[52,"Ново-Савиновский район","МБОУ \"Школа №85\"","Мирзануров","Т.","А.","м",7,7,28,100,"участник","Боргоякова Софья Георгиевна","Многопрофильный образовательный центр \"ArtHeart\""]
[53,"Московский район","МБОУ \"Гимназия №75\"","Бармашова","О.","М.","ж",7,7,28,100,"участник","Султанова Кадрия Ханяфеевна","МБОУ \"Гимназия 75\""]
[54,"Московский район","МБОУ \"Гимназия №17\"","Муллахметова","З.","А.","ж",7,7,28,100,"участник","Галиева Рита Рашидовна","МБОУ\"Гимназия №17\""]
[55,"Вахитовский район","МАОУ \"Школа №39\"","Миннулин","К.","А.","м",7,7,28,100,"участник","Максимова Чулпан Афроимовна","МАОУ \"Школа №39\""]
[56,"Приволжский район","МАОУ \"Гимназия №19\"","Ефимов","М.","А.","м",7,7,28,100,"участник","Никонорова Евгения Александровна","Муниципальное автономное общеобразовательное учреждение «Гимназия №19» Приволжского района г. Казани/"]
[57,"Вахитовский район","МАОУ \"Школа №39\"","Башаров","А.","А.","м",7,7,27,100,"участник","Максимова Чулпан Афроимовна","МАОУ \"Школа №39\""]
[58,"Приволжский район","МБОУ \"Лицей №83-Центр образования\"","Левашин","Е.","М.","м",7,7,27,100,"участник","Сумцева Раиса Амирановна","МБОУ \"Лицей 83-ЦО\""]
[59,"Ново-Савиновский район","МБОУ \"Гимназия №13\"","Мазитов","К.","Р.","м",7,7,26,100,"участник","Низамова Лилия Габделхалимовна","МБОУ \"Гимназия № 13 с татарским языком обучения\" Ново-Савиновского района г. Казани"]
[60,"Московский район","МБОУ \"Гимназия №75\"","Хадыев","Т.","Р.","м",7,7,26,100,"участник","Султанова Кадрия Ханяфеевна","МБОУ \"Гимназия 75\""]
[61,"Советский район","МБОУ \"Гимназия №126\"","Иванов","Е.","И.","м",7,7,26,100,"участник","Абдуллина Алина Гаяновна","МБОУ \"Гимназия №126\""]
[62,"Приволжский район","МБОУ \"Лицей №83-Центр образования\"","Айвазиду","С.","Э.","ж",7,7,26,100,"участник","Сумцева Раиса Амирановна","МБОУ \"Лицей 83-ЦО\""]
[63,"Приволжский район","МБОУ \"Лицей №83-Центр образования\"","Третьяков","Р.","А.","м",7,7,26,100,"участник","Сумцева Раиса Амирановна","МБОУ \"Лицей 83-ЦО\""]
[64,"Приволжский район","МБОУ \"Школа №82\"","Сокольский","И.","К.","м",7,7,25,100,"участник","Комар Алла Владимировна","МБОУ \"Школа №82\""]
[65,"Московский район","МАОУ \"Лицей-интернат №2\"","Зиганшин","Р.","Р.","м",6,7,25,100,"участник","Мухин Владимир Игоревич","МАОУ \"Лицей-интернат №2\" Московского района г.Казани"]
[66,"Московский район","МБОУ \"Гимназия №75\"","Акентьев","М.","Е.","м",7,7,24,100,"участник","Султанова Кадрия Ханяфеевна","МБОУ \"Гимназия 75\""]
[67,"Кировский район","МБОУ \"Лицей №182\"","Идрисова","С.","Р.","ж",7,7,24,100,"участник","Чиркова Людмила Владимировна","МБОУ \"Лицей №182\""]
[68,"Советский район","МБОУ \"Школа №144\"","Колганова","С.","Е.","ж",7,7,24,100,"участник","Шарапов Алмаз Ринатович","МБОУ \"Школа№144\""]
[69,"Советский район","МБОУ \"Школа №108\"","Камалов","М.","Р.","м",7,7,24,100,"участник","Тагирова Алия Тагировна","Муниципальное бюджетное общеобразовательное учреждение \"ООШ №108\" г.Казани Республики Татарстан"]
[70,"Авиастроительный район","МБОУ \"Школа №60\"","Шакирова","Д.","Р.","ж",7,7,23,100,"участник","Ахметшина Альфия Адисовна","МБОУ \"Школа №60\""]
[71,"Московский район","МБОУ \"Гимназия №17\"","Кашапов","К.","Р.","м",7,7,23,100,"участник","Галиева Рита Рашидовна","МБОУ\"Гимназия №17\""]
[72,"Советский район","МБОУ \"Татарская гимназия №11\"","Науметов","Р.","Р.","м",7,7,23,100,"участник","Бариева Рамзиля Абдулахатовна","МБОУ \"Татарская гимназия №11\""]
[73,"Советский район","МБОУ \"Школа №144\"","Гилязов","Т.","И.","м",7,7,23,100,"участник","Шарапов Алмаз Ринатович","МБОУ \"Школа№144\""]
[74,"Вахитовский район","МАОУ \"Школа №39\"","Лукин","Р.","В.","м",7,7,23,100,"участник","Максимова Чулпан Афроимовна","МАОУ \"Школа №39\""]
[75,"Приволжский район","МБОУ \"Лицей №83-Центр образования\"","Башаров","К.","Т.","м",7,7,23,100,"участник","Сумцева Раиса Амирановна","МБОУ \"Лицей 83-ЦО\""]
[76,"Ново-Савиновский район","МБОУ \"Школа №85\"","Галаутдинов","С.","К.","м",5,7,23,100,"участник","Гайнутдинова Рушанья Хамзяновна","МБОУ \"Школа №85\""]
[77,"Московский район","МБОУ \"Гимназия №75\"","Демидова","Д.","М.","ж",7,7,22,100,"участник","Султанова Кадрия Ханяфеевна","МБОУ \"Гимназия 75\""]
[78,"Приволжский район","МБОУ \"Школа №129\"","Садыкова","И.","И.","ж",7,7,22,100,"участник","Олексенко Ольга Александровна","МБОУ \"Школа№129\""]
[79,"Приволжский район","МБОУ \"Лицей №78 \"Фарватер\"","Садриев","А.","Р.","м",7,7,22,100,"участник","Хузин Наиль Румилевич","МБОУ \"Лицей № 78 \"Фарватер\" Приволжского района г.Казани"]
[80,"Вахитовский район","МАОУ \"Школа №39\"","Жижина","А.","М.","ж",7,7,21,100,"участник","Максимова Чулпан Афроимовна","МАОУ \"Школа №39\""]
[81,"Ново-Савиновский район","МБОУ \"Школа №113\"","Алексеева","Е.","Е.","ж",7,7,20,100,"участник","Ямсков Сергей Геннадьевич","МБОУ \"Школа№113\""]
[82,"Советский район","МБОУ \"Лицей №95\"","Халимова","А.","И.","ж",7,7,20,100,"участник","Султанова Айгуль Ленаровна","МБОУ \"Лицей №95\""]
[83,"Советский район","МБОУ \"Гимназия №20 имени Абдуллы Алиша\"","Бариев","И.","И.","м",7,7,20,100,"участник","Закирова Азалина Азатовна","МБОУ \"Гимназия № 20 имени Абдуллы Алиша\""]
[84,"Вахитовский район","МАОУ \"Школа №39\"","Павлов","А.","А.","м",7,7,20,100,"участник","Максимова Чулпан Афроимовна","МАОУ \"Школа №39\""]
[85,"Ново-Савиновский район","МБОУ \"Школа №113\"","Пирогов","В.","М.","м",7,7,19,100,"участник","Ямсков Сергей Геннадьевич","МБОУ \"Школа№113\""]
[86,"Ново-Савиновский район","МБОУ \"Гимназия №13\"","Каюмов","Р.","Р.","м",7,7,19,100,"участник","Низамова Лилия Габделхалимовна","МБОУ \"Гимназия № 13 с татарским языком обучения\" Ново-Савиновского района г. Казани"]
[87,"Ново-Савиновский район","МБОУ \"Гимназия №107\"","Вафина","Л.","Н.","ж",7,7,19,100,"участник","Хейранова Алина Ильдусовна","МБОУ \"Гимназия №107 Открытие\""]
[88,"Московский район","МБОУ \"Татарская гимназия №2 при КФУ\"","Василова","Д.","Л.","ж",7,7,19,100,"участник","Исхакова Алия Эдуардовна","МБОУ \"Татарская гимназия №2 при КФУ\""]
[89,"Советский район","МБОУ \"Лицей №185\"","Шамсемухаметова","А.","И.","ж",7,7,19,100,"участник","Аббязова Аделя Юрьевна","Лицей № 185"]
[90,"Советский район","МБОУ \"Гимназия №175\"","Буров","И.","Р.","м",7,7,19,100,"участник","Хафизова Эльвира Закирзяновна","МБОУ \"Гимназия 175\""]
[91,"Московский район","МАОУ \"Лицей-интернат №2\"","Суворков","С.","Е.","м",6,7,19,100,"участник","Лазарев Юрий Юрьевич","МАОУ \"Лицей-интернат №2\" Московского района г.Казани"]
[92,"Ново-Савиновский район","МБОУ \"Лицей №23\"","Саубанов","М.","Р.","м",7,7,18,100,"участник","Мустафина Айгуль Фагимовна","МБОУ \"Лицей №23\" г. Казани"]
[93,"Ново-Савиновский район","ГАОУ \"Адымнар - Казань\" (ул. Бондаренко)","Нурмухаметов","Х.","А.","м",7,7,18,100,"участник","Фархутдинова Ания Раисовна","ГАОУ \"Адымнар - Казань\""]
[94,"Ново-Савиновский район","МБОУ \"Школа №85\"","Гусев","Р.","Д.","м",7,7,18,100,"участник","Боргоякова Софья Георгиевна","Многопрофильный образовательный центр \"ArtHeart\""]
[95,"Московский район","МБОУ \"Школа №34\"","Тамбовский","Д.","М.","м",7,7,18,100,"участник","Саулова Анастасия Владимировна","МБОУ \"Средняя общеобразовательная татарско-русская школа № 34\""]
[96,"Советский район","МБОУ \"Школа №169\"","Хакимов","А.","А.","м",7,7,18,100,"участник","Галиуллина Чулпан Ирековна","МБОУ \" Школа №169\""]
[97,"Советский район","МБОУ \"Школа №22-Центр образования\"","Шайахметова","У.","А.","ж",7,7,18,100,"участник","Чебыкин Андрей Алексеевич","МБОУ \"Школа №22 - Центр образования\""]
[98,"Приволжский район","МБОУ \"Школа №173\"","Банцырева","Д.","Е.","ж",7,7,18,100,"участник","Хафизова Альбина Ильдусовна","МБОУ \"Школа №173\""]
[99,"Московский район","МАОУ \"Лицей-интернат №2\"","Хаметшин","А.","Ф.","м",7,7,17,100,"участник","Лазарев Юрий Юрьевич","МАОУ \"Лицей-интернат №2\" Московского района г.Казани"]
[100,"Московский район","МБОУ \"Гимназия №17\"","Хафизова","И.","Р.","ж",7,7,17,100,"участник","Галиева Рита Рашидовна","МБОУ\"Гимназия №17\""]
[101,"Кировский район","МБОУ \"Лицей №182\"","Крайнова","К.","А.","ж",7,7,17,100,"участник","Чиркова Людмила Владимировна","МБОУ \"Лицей №182\""]
[102,"Авиастроительный район","МБОУ \"Гимназия №14\"","Тульникова","В.","О.","ж",7,7,16,100,"участник","Гайфуллина Илюза Инзилевна","МБОУ \"Гимназия №14\""]
[103,"Московский район","МБОУ \"Гимназия № 122 имени Ж.А.Зайцевой\"","Ларионов","Т.","С.","м",7,7,16,100,"участник","Садыков Жаудат Назипович","МБОУ Гимназия 122 имени Ж.А. Зайцевой"]
[104,"Советский район","МБОУ \"Школа №22-Центр образования\"","Мухаммадиева","К.","Р.","ж",7,7,16,100,"участник","Чебыкин Андрей Алексеевич","МБОУ \"Школа №22 - Центр образования\""]
[105,"Авиастроительный район","МБОУ \"Гимназия №14\"","Исмагилов","А.","Н.","м",7,7,15,100,"участник","Гайфуллина Илюза Инзилевна","МБОУ \"Гимназия №14\""]
[106,"Кировский район","МБОУ \"Лицей №182\"","Хамзина","Р.","Р.","ж",7,7,15,100,"участник","Чиркова Людмила Владимировна","МБОУ \"Лицей №182\""]
[107,"Приволжский район","МБОУ \"Школа №82\"","Мифтахова","Л.","А.","ж",7,7,15,100,"участник","Комар Алла Владимировна","МБОУ \"Школа №82\""]
[108,"Приволжский район","МБОУ \"Лицей №83-Центр образования\"","Зиятдинов","А.","А.","м",7,7,15,100,"участник","Сумцева Раиса Амирановна","МБОУ \"Лицей 83-ЦО\""]
[109,"Приволжский район","МБОУ \"Школа №114\"","Гарфиева","Л.","И.","ж",7,7,15,100,"участник","Хайрутдинова Фарида Ильнаровна","МБОУ \"Школа №114\""]
[110,"Советский район","МБОУ \"Школа №84\"","Овчинникова","В.","Д.","ж",7,7,14,100,"участник","Рязанцева Анастасия Константиновна","МБОУ \"Школа №84\" Советского района г.Казани"]
[111,"Приволжский район","МБОУ \"Лицей №83-Центр образования\"","Хакимов","К.","Р.","м",7,7,14,100,"участник","Сумцева Раиса Амирановна","МБОУ \"Лицей 83-ЦО\""]
[112,"Авиастроительный район","МБОУ \"Гимназия №14\"","Зарипова","А.","И.","ж",7,7,13,100,"участник","Гайфуллина Илюза Инзилевна","МБОУ \"Гимназия №14\""]
[113,"Советский район","МБОУ \"Гимназия №174\"","Кашапов","Д.","И.","м",7,7,13,100,"участник","Ставская Анастасия Николаевна","МБОУ \"Гимназия №174\""]
[114,"Вахитовский район","МБОУ \"Гимназия №96\"","Мохов","Е.","Н.","м",7,7,13,100,"участник","Муллахметова Юлия Геннадьевна","МБОУ Гимназия №96"]
[115,"Приволжский район","МБОУ \"Школа №173\"","Якупова","А.","А.","ж",7,7,13,100,"участник","Хафизова Альбина Ильдусовна","МБОУ \"Школа №173\""]
[116,"Кировский район","МБОУ \"Гимназия №4\"","Преева","А.","К.","ж",7,7,12,100,"участник","Миначева Эндже Ильфаковна","МБОУ \"Гимназия №4\""]
[117,"Авиастроительный район","МБОУ \"Гимназия №14\"","Арипова","С.","Р.","ж",7,7,11,100,"участник","Гайфуллина Илюза Инзилевна","МБОУ \"Гимназия №14\""]
[118,"Кировский район","МБОУ \"Гимназия №4\"","Шарифуллина","Р.","И.","ж",7,7,11,100,"участник","Миначева Эндже Ильфаковна","МБОУ \"Гимназия №4\""]
[119,"Московский район","МБОУ \"Гимназия №17\"","Улуташ","А.","И.","ж",7,7,9,100,"участник","Галиева Рита Рашидовна","МБОУ\"Гимназия №17\""]
[120,"Приволжский район","МБОУ \"Школа №82\"","Зайцев","Д.","И.","м",7,7,9,100,"участник","Комар Алла Владимировна","МБОУ \"Школа №82\""]
[121,"Советский район","МБОУ \"Гимназия №8 - Центр образования\"","Галимова","Р.","Р.","ж",7,7,8,100,"участник","Гирфанутдинова Наталья Михайловна","МБОУ \"Гимназия №8-Центр Образования\" Советского района г.Казани"]
[122,"Советский район","МБОУ \"Гимназия №126\"","Манько","Л.","Д.","м",7,7,8,100,"участник","Абдуллина Алина Гаяновна","МБОУ \"Гимназия №126\""]
[123,"Советский район","МБОУ \"Лицей №95\"","Вологодская","М.","А.","ж",7,7,8,100,"участник","Султанова Айгуль Ленаровна","МБОУ \"Лицей №95\""]
[124,"Московский район","МБОУ \"Гимназия №75\"","Лесянькина","А.","А.","ж",7,7,7,100,"участник","Султанова Кадрия Ханяфеевна","МБОУ \"Гимназия 75\""]
[125,"Авиастроительный район","МБОУ \"Гимназия №14\"","Белихин","Р.","Д.","м",7,7,4,100,"участник","Гайфуллина Илюза Инзилевна","МБОУ \"Гимназия №14\""]
[126,"Ново-Савиновский район","МБОУ \"Гимназия №7\"","Крылов","К.","К.","м",8,8,94,100,"Победитель","Ипполитова Лариса Владимировна","МБОУ \"Гимназия №7 им. Героя России Козина А.В.\""]
[127,"Вахитовский район","МБОУ \"Школа №13\"","Хуснутдинов","Т.","Р.","м",8,8,94,100,"Победитель","Каллаур А.А.","МБОУ \"Школа №13\""]
[128,"Ново-Савиновский район","МБОУ \"Лицей №170\"","Шабров","А.","В.","м",8,8,76,100,"призер","Волкова Наталья Витальевна","МБОУ \"Лицей 170\""]
[129,"Вахитовский район","МАОУ \"Лицей №131\"","Мухаметзянов","Р.","И.","м",8,8,74,100,"призер","Рамазанова Гузалия Джавдатовна","МАОУ \"Лицей №131\""]
[130,"Вахитовский район","МАОУ \"Лицей №131\"","Закиров","К.","А.","м",8,8,74,100,"призер","Рамазанова Гузалия Джавдатовна","МАОУ \"Лицей №131\""]
[131,"Авиастроительный район","МБОУ \"Гимназия №36\"","Хуснуллин","Р.","Д.","м",8,8,74,100,"призер","Рудовская Татьяна Геннадьевна","МБОУ «Гимназия №36» Авиастроительного района г.Казани"]
[132,"Кировский район","МБОУ \"Многопрофильная гимназия №189 \"Заман\"","Хамедвалиев","Б.","Р.","м",8,8,68,100,"призер","Гимадеев Ильфат Халялетдинович","МБОУ \"Многопрофильная гимназия №189 \"Заман\"\""]
[133,"Ново-Савиновский район","МАОУ \"Лицей №146 \"Ресурс\"","Кудинов","М.","Д.","м",8,8,68,100,"призер","Куленюк Дмитрий Олегович","МАОУ \"Лицей № 146 \"Ресурс\""]
[134,"Кировский район","МБОУ \"Гимназия №3 с татарским языком обучения\"","Сагеев","Д.","М.","м",8,8,66,100,"призер","Сагеев Марат Ильдарович","МБОУ \"Гимназия №3 с татарским языком обучения\" Кировского района"]
[135,"Вахитовский район","ГБОУ \"ККШИ им. Героя Советского Союза Б.К. Кузнецова\"","Гатауллин","К.","А.","м",8,8,64,100,"призер","Афанасьев Владимир Юрьевич","ГБОУ \"Казанская кадетская школа-интернат им. Б.К. Кузнецова\""]
[136,"Авиастроительный район","МБОУ \"Школа №119\"","Киселев","Т.","И.","м",8,8,62,100,"призер","Иванов Василий Андреевич","МБОУ \"Средняя школа №119\" Авиастроительного района г. Казани"]
[137,"Московский район","МБОУ \"Гимназия № 122 имени Ж.А.Зайцевой\"","Васильев","И.","С.","м",8,8,61,100,"призер","Лозовский Артур Станиславович","МБОУ Гимназия №122 имени Ж.А.Зайцевой"]
[138,"Московский район","МБОУ \"Гимназия №9\"","Ханова","Д.","А.","ж",8,8,59,100,"призер","Кравченко Юлия Геннадьевна","МБОУ \"Гимназия №9\""]
[139,"Кировский район","МБОУ \"Школа №57\"","Анисимова","В.","М.","ж",8,8,58,100,"призер","Варфоломеева Зоя Владимировна","МБОУ \"Школа № 57\""]
[140,"Приволжский район","СУНЦ IT-лицей КФУ","Хурматова","А.","И.","ж",8,8,58,100,"призер","Галимзянова Мадина Ахтямовна","СУНЦ IT-лицей КФУ"]
[141,"Ново-Савиновский район","МБОУ \"Школа №85\"","Ханбеков","А.","В.","м",8,8,56,100,"призер","Боргоякова Софья Георгиевна","Многопрофильный образовательный центр \"ArtHeart\""]
[142,"Советский район","МБОУ \"Многопрофильная полилингвальная гимназия №180\"","Биктимиров","С.","Р.","м",8,8,56,100,"призер","Закирова Алия Госмановна","МБОУ \"Многопрофильная полилингвальная №180\""]
[143,"Приволжский район","МБОУ \"Лицей №186-\"Перспектива\"","Незеева","Э.","И.","ж",8,8,55,100,"призер","Кабиров Азамат Дамирович","МБОУ \"Лицей № 186 \"Перспектива\" г.Казани"]
[144,"Авиастроительный район","МБОУ \"Школа №119\"","Макаров","К.","Д.","м",8,8,54,100,"призер","Иванов Василий Андреевич","МБОУ \"Средняя школа №119\" Авиастроительного района г. Казани"]
[145,"Ново-Савиновский район","МБОУ \"Гимназия №7\"","Галеева","К.","Э.","ж",8,8,53,100,"призер","Коломина Фирдания Шарифовна","МБОУ \"Гимназия №7 им. Героя России Козина А.В.\""]
[146,"Советский район","МБОУ \"Многопрофильная школа №181\"","Беркутов","М.","И.","м",8,8,53,100,"призер","Кадиров Ринат Монирович","МБОУ \"Многопрофильная школа №181\""]
[147,"Ново-Савиновский район","МБОУ \"Школа №85\"","Нургалиева","Р.","А.","ж",8,8,51,100,"призер","Боргоякова Софья Георгиевна","Многопрофильный образовательный центр \"ArtHeart\""]
[148,"Советский район","МБОУ \"Гимназия №93 имени А.С.Пушкина\"","Хайбуллин","И.","Н.","ж",8,8,50,100,"призер","Фалеева Лидия Григорьевна","МБОУ \"Гимназия №93 имени А.С.Пушкина\""]
[149,"Советский район","МБОУ \"Школа №171\"","Абдуллин","И.","Р.","м",8,8,50,100,"призер","Хуснутдинова Гульнур Гумаровна","МБОУ \"Школа 171\""]
[150,"Приволжский район","МАОУ \"Гимназия №19\"","Тринкунайте","А.","О.","ж",8,8,50,100,"призер","Кумаева Людмила Васильевна","Муниципальное автономное общеобразовательное учреждение «Гимназия №19» Приволжского района г. Казани/"]
[151,"Приволжский район","МАОУ \"Гимназия №19\"","Сорокин","Д.","А.","м",8,8,47,100,"участник","Кумаева Людмила Васильевна","Муниципальное автономное общеобразовательное учреждение «Гимназия №19» Приволжского района г. Казани/"]
[152,"Вахитовский район","МАОУ \"Лицей №131\"","Сидоров","Д.","А.","м",8,8,47,100,"участник","Рамазанова Гузалия Джавдатовна","МАОУ \"Лицей №131\""]
[153,"Вахитовский район","СОШИ \"Лицей имени Н.И.Лобачевского\" КФУ","Сурай","М.","А.","ж",8,8,46,100,"участник","Фаткуллина Амина Наилевна","СОШИ \"Лицей имени Н.И.Лобачевского\" КФУ"]
[154,"Советский район","МБОУ \"Школа №84\"","Фазылзянов","Д.","Р.","м",8,8,45,100,"участник","Батманова Гульнар Ильдаровна","МБОУ \"Школа №84\" Советского района г.Казани"]
[155,"Кировский район","МБОУ \"Гимназия №4\"","Галиахметов","А.","Д.","м",8,8,44,100,"участник","Миначева Эндже Ильфаковна","МБОУ \"Гимназия №4\""]
[156,"Московский район","МБОУ \"Гимназия № 122 имени Ж.А.Зайцевой\"","Хабибуллин","И.","И.","м",8,8,44,100,"участник","Лозовский Артур Станиславович","МБОУ Гимназия №122 имени Ж.А.Зайцевой"]
[157,"Авиастроительный район","МБОУ \"Гимназия №33\"","Урманова","Л.","И.","ж",8,8,44,100,"участник","Галиева Ирка Юрьевна","МБОУ \"Гимназия №33\" Авиастроительного района г.Казани"]
[158,"Приволжский район","МБОУ \"Гимназия №16\"","Маулиева","К.","Р.","ж",8,8,44,100,"участник","Хайрутдинова Гульфия Нуховна","МБОУ \"Татаро-английская гимназия №16\""]
[159,"Советский район","МБОУ \"Школа №144\"","Сафиуллин","К.","Д.","м",8,8,42,100,"участник","Шарапов Алмаз Ринатович","МБОУ \"Школа№144\""]
[160,"Советский район","МБОУ \"Школа №171\"","Валиева","Л.","А.","ж",8,8,41,100,"участник","Хуснутдинова Гульнур Гумаровна","МБОУ \"Школа 171\""]
[161,"Ново-Савиновский район","ГАОУ \"Адымнар - Казань\" (ул. Бондаренко)","Богомазов","А.","А.","м",8,8,40,100,"участник","Мамбетова Наиля Ильдаровна","ГАОУ \"Адымнар - Казань\""]
[162,"Ново-Савиновский район","МБОУ \"Гимназия №13\"","Зартдинов","М.","О.","м",8,8,39,100,"участник","Низамова Лилия Габделхалимовна","МБОУ \"Гимназия № 13 с татарским языком обучения\" Ново-Савиновского района г. Казани"]
[163,"Советский район","МБОУ \"Школа №169\"","Рябенков","И.","А.","м",8,8,39,100,"участник","Галиуллина Чулпан Ирековна","МБОУ \" Школа №169\""]
[164,"Вахитовский район","МАОУ \"Школа №18\"","Глейдман","И.","Д.","м",7,8,39,100,"участник","Марданшина Елена Михайловна","МАОУ\"школа№18\""]
[165,"Вахитовский район","МАОУ \"Школа №39\"","Щербинин","А.","С.","м",8,8,38,100,"участник","Максимова Чулпан Афроимовна","МАОУ \"Школа №39\""]
[166,"Московский район","МБОУ \"Школа №55\"","Чендарёв","С.","А.","м",8,8,37,100,"участник","Фатхеева Алена Валерьевна","МБОУ \"Школа № 55\""]
[167,"Ново-Савиновский район","ГАОУ \"Адымнар - Казань\" (ул. Бондаренко)","Мусин","К.","И.","м",8,8,37,100,"участник","Мамбетова Наиля Ильдаровна","ГАОУ \"Адымнар - Казань\""]
[168,"Приволжский район","МБОУ \"Гимназия №16\"","Идрисова","Р.","Р.","ж",8,8,37,100,"участник","Хайрутдинова Гульфия Нуховна","МБОУ \"Татаро-английская гимназия №16\""]
[169,"Ново-Савиновский район","МБОУ \"Лицей №177\"","Хайруллин","А.","И.","м",8,8,36,100,"участник","Сагдетдинова Гульназ Ревалевна","МБОУ \"Лицей №177\" Ново-Савиновского района города Казани"]
[170,"Приволжский район","МБОУ \"Гимназия №6\"","Тахциди","Г.","Д.","м",8,8,35,100,"участник","Ищенко Анна Сергеевна","МБОУ\"Гимназия №6\" Приволжского района г. Казани"]
[171,"Авиастроительный район","МБОУ \"Лицей №145\"","Плаксин","В.","А.","м",8,8,34,100,"участник","Садиков Ирек Ильдарович","МБОУ \"Лицей №145\""]
[172,"Ново-Савиновский район","МБОУ \"Школа №113\"","Семенов","Г.","Г.","м",8,8,34,100,"участник","Ямсков Сергей Геннадьевич","МБОУ \"Школа№113\""]
[173,"Вахитовский район","МБОУ \"Школа №12\"","Новоселов","М.","Е.","м",8,8,34,100,"участник","Юнусова Гузель Равилевна","МБОУ СОШ №12"]
[174,"Советский район","МБОУ \"Лицей №79\"","Куров","Р.","С.","м",8,8,33,100,"участник","Акимова Ирина Сергеевна","Муниципальное бюджетное общеобразовательное учреждение \"Эколого-технологический лицей №79\"Советского района г.Казани"]
[175,"Советский район","МБОУ \"Гимназия №126\"","Марафитов","Е.","О.","м",8,8,33,100,"участник","Абдуллина Алина Гаяновна","МБОУ \"Гимназия №126\""]
[176,"Вахитовский район","МАОУ \"Школа №18\"","Ганачевский","М.","В.","м",7,8,32,100,"участник","Марданшина Елена Михайловна","МАОУ\"школа№18\""]
[177,"Советский район","МБОУ \"Гимназия №8 - Центр образования\"","Жильцова","М.","Д.","ж",8,8,31,100,"участник","Гирфанутдинова Наталья Михайловна","МБОУ \"Гимназия №8-Центр Образования\" Советского района г.Казани"]
[178,"Московский район","МБОУ \"Школа №87\"","Тимонин","А.","Р.","м",8,8,30,100,"участник","Халимова Диана Ильгизовна","МБОУ \"Школа №87\""]
[179,"Советский район","МБОУ \"Многопрофильный лицей №187\"","Хамидуллина","Р.","Р.","ж",8,8,30,100,"участник","Квитко Мария Владимировна","МБОУ \"Многопрофильный лицей №187\""]
[180,"Московский район","МБОУ \"Школа №99\"","Гайнуллин","Э.","Р.","м",8,8,29,100,"участник","Хайруллина Гульсина Рашидовна","МБОУ \"Школа №99\""]
[181,"Московский район","МБОУ \"Гимназия №20 \"Гармония\"","Макарычев","А.","С.","м",8,8,29,100,"участник","Конышева Елена Валентиновна","МБОУ \"Гимназия №20 \"Гармония\"\""]
[182,"Приволжский район","МБОУ \"Лицей №83-Центр образования\"","Мамурова","С.","А.","ж",8,8,29,100,"участник","Ануфриева Лариса Анатольевна","МБОУ \"Лицей №83-ЦО\""]
[183,"Приволжский район","СУНЦ IT-лицей КФУ","Радаев","М.","Р.","м",8,8,29,100,"участник","Галимзянова Мадина Ахтямовна","СУНЦ IT-лицей КФУ"]
[184,"Приволжский район","МБОУ \"Школа №100-Центр образования\"","Горелов","М.","Д.","м",8,8,29,100,"участник","Гайнутдинов Раиль Габделбарович","МБОУ \"Школа №100 - ЦО\""]
[185,"Ново-Савиновский район","МБОУ \"Школа №71\"","Закиров","Т.","Р.","м",8,8,28,100,"участник","Сагдиева Римма Фаридовна","МБОУ \"Школа №71\" г.Казани"]
[186,"Ново-Савиновский район","МБОУ \"Лицей №177\"","Береснёва","Е.","С.","ж",8,8,28,100,"участник","Сагдетдинова Гульназ Ревалевна","МБОУ \"Лицей №177\" Ново-Савиновского района города Казани"]
[187,"Советский район","МАОУ \"Лицей №121\"","Леонтьева","Е.","Д.","ж",8,8,28,100,"участник","Хасанова Флера Анваровна","МАОУ \"Лицей №121\" имени героя Советского Союза С.А.Ахтямова"]
[188,"Приволжский район","МБОУ \"Школа №88\"","Бровко","А.","А.","ж",8,8,28,100,"участник","Гатауллина Диана Владимировна","МБОУ \"Школа №88\""]
[189,"Приволжский район","МБОУ \"Гимназия №16\"","Сапрыгин","Д.","А.","м",8,8,28,100,"участник","Хайрутдинова Гульфия Нуховна","МБОУ \"Татаро-английская гимназия №16\""]
[190,"Ново-Савиновский район","МБОУ \"Гимназия №13\"","Валиуллина","С.","А.","ж",8,8,27,100,"участник","Низамова Лилия Габделхалимовна","МБОУ \"Гимназия № 13 с татарским языком обучения\" Ново-Савиновского района г. Казани"]
[191,"Ново-Савиновский район","МБОУ \"Школа №71\"","Масанкина","Н.","С.","ж",8,8,27,100,"участник","Халикова Гульназ Габбасовна","МБОУ \"Школа №71\" г.Казани"]
[192,"Советский район","МБОУ \"Гимназия №20 имени Абдуллы Алиша\"","Сафин","С.","Р.","м",8,8,27,100,"участник","Кротова Дарья Дмитриевна","МБОУ \"Гимназия № 20 имени Абдуллы Алиша\""]
[193,"Вахитовский район","МБОУ \"Татарская гимназия №1 им.Г.Тукая\"","Никифорова","Д.","А.","ж",8,8,27,100,"участник","Ахметшина Алсу Тальгатовна","МБОУ \"Татарская гимназия №1 им.Г.Тукая\""]
[194,"Ново-Савиновский район","МБОУ \"Гимназия №7\"","Каримов","Д.","Р.","м",8,8,26,100,"участник","Ипполитова Лариса Владимировна","МБОУ \"Гимназия №7 им. Героя России Козина А.В.\""]
[195,"Ново-Савиновский район","МБОУ \"Гимназия №13\"","Тагиев","Р.","Р.","м",8,8,26,100,"участник","Низамова Лилия Габделхалимовна","МБОУ \"Гимназия № 13 с татарским языком обучения\" Ново-Савиновского района г. Казани"]
[196,"Советский район","МБОУ \"Гимназия №8 - Центр образования\"","Клочков","К.","М.","м",8,8,26,100,"участник","Гирфанутдинова Наталья Михайловна","МБОУ \"Гимназия №8-Центр Образования\" Советского района г.Казани"]
[197,"Советский район","МБОУ \"Школа №84\"","Давлетшин","А.","Р.","м",8,8,26,100,"участник","Батманова Гульнар Ильдаровна","МБОУ \"Школа №84\" Советского района г.Казани"]
[198,"Приволжский район","МБОУ \"Школа №48\"","Костюхина","А.","А.","ж",8,8,26,100,"участник","Кашапова Ольга Ивановна","МБОУ \"СОШ №48\""]
[199,"Приволжский район","МБОУ \"Лицей №83-Центр образования\"","Абубакирова","Д.","Р.","ж",8,8,26,100,"участник","Ануфриева Лариса Анатольевна","МБОУ \"Лицей №83-ЦО\""]
[200,"Вахитовский район","МБОУ \"Школа №13\"","Кулагин","А.","Д.","м",8,8,26,100,"участник","Каллаур А.А.","МБОУ \"Школа №13\""]
[201,"Ново-Савиновский район","МБОУ \"Лицей №23\"","Шангараева","А.","Р.","ж",8,8,25,100,"участник","Мустафина Айгуль Фагимовна","МБОУ \"Лицей №23\" г. Казани"]
[202,"Вахитовский район","МАОУ \"Школа №39\"","Фаизова","Я.","А.","ж",8,8,25,100,"участник","Максимова Чулпан Афроимовна","МАОУ \"Школа №39\""]
[203,"Ново-Савиновский район","МБОУ \"Школа №43\"","Мухамадуллин","М.","М.","м",8,8,24,100,"участник","Шаряфетдинова Гюльнара Ингильевна","МБОУ \"Школа № 43\""]
[204,"Ново-Савиновский район","МБОУ \"Школа №38\"","Таганов","Д.","А.","м",8,8,24,100,"участник","Хакимова Алеся Дмитриевна","МБОУ \"Школа 38\""]
[205,"Советский район","МБОУ \"Гимназия №126\"","Шакирзянов","С.","А.","ж",8,8,24,100,"участник","Абдуллина Алина Гаяновна","МБОУ \"Гимназия №126\""]
[206,"Советский район","МАОУ \"Лицей №121\"","Мельникова","А.","А.","ж",8,8,24,100,"участник","Хасанова Флера Анваровна","МАОУ \"Лицей №121\" имени героя Советского Союза С.А.Ахтямова"]
[207,"Приволжский район","МБОУ \"Школа №127\"","Касимов","И.","А.","м",8,8,24,100,"участник","Шишкина Кристина Игоревна","МБОУ №127"]
[208,"Московский район","МБОУ \"Школа №64\"","Басаргина","А.","Я.","ж",8,8,23,100,"участник","Галиева Мадина Анваровна","МБОУ \"Школа № 64\""]
[209,"Советский район","МБОУ \"Гимназия №126\"","Рамазанов","З.","М.","м",8,8,23,100,"участник","Абдуллина Алина Гаяновна","МБОУ \"Гимназия №126\""]
[210,"Приволжский район","МБОУ \"Школа №68\"","Хамитов","А.","А.","м",8,8,23,100,"участник","Шарафиева Ильсия Амировна","МБОУ \"Школа 68\""]
[211,"Кировский район","МБОУ \"Татарская гимназия №15\"","Даутов","М.","Д.","м",8,8,23,100,"участник","Сагдиева Феруза Идрисовна","МБОУ \"Татарская гимназия №15\""]
[212,"Московский район","МБОУ \"Школа №87\"","Багинова","А.","А.","ж",8,8,22,100,"участник","Халимова Диана Ильгизовна","МБОУ \"Школа №87\""]
[213,"Московский район","МБОУ \"Гимназия №17\"","Маматаджиев"," .","А.","м",8,8,22,100,"участник","Исмагилова Диана Ильгизовна","МБОУ \"Гимназия №17\""]
[214,"Советский район","МБОУ \"Лицей №185\"","Хузеева","А.","А.","ж",8,8,22,100,"участник","Веденяпина Ирина Александровна","Лицей № 185"]
[215,"Советский район","МБОУ \"Гимназия №175\"","Файзрахманова","С.","И.","ж",8,8,22,100,"участник","Корнилова Екатерина Дмитриевна","МБОУ \"Гимназия 175\""]
[216,"Приволжский район","МБОУ \"Школа №129\"","Зиннатова","А.","Л.","ж",8,8,22,100,"участник","Шарипова Джамиля Фаритовна","МБОУ \"Школа №129\""]
[217,"Кировский район","МБОУ \"Лицей №182\"","Пушкарева","А.","В.","ж",8,8,21,100,"участник","Сафаралиева Мадина Руслановна","МБОУ \"Лицей №182\""]
[218,"Советский район","МБОУ \"Лицей №95\"","Камалова","А.","Ш.","ж",8,8,21,100,"участник","Султанова Айгуль Ленаровна","МБОУ \"Лицей №95\""]
[219,"Приволжский район","МБОУ \"Многопрофильный лицей №133\"","Гильмутдинова","А.","И.","ж",8,8,21,100,"участник","Гордеева Екатерина Алексеевна","МБОУ \"Лицей №133\""]
[220,"Кировский район","МБОУ  \"Школа №32\"","Светова","Д.","М.","ж",8,8,20,100,"участник","Салахов Динар Дамирович","МБОУ \"Школа №32\""]
[221,"Московский район","МБОУ \"Гимназия №9\"","Султанова","И.","С.","ж",8,8,20,100,"участник","Кравченко Юлия Геннадьевна","МБОУ \"Гимназия №9\""]
[222,"Советский район","МБОУ \"Лицей №110\"","Седова","Д.","А.","ж",8,8,20,100,"участник","Ташулатова Елена Вадимовна","МБОУ \"Лицей №110\""]
[223,"Советский район","МБОУ \"Гимназия №184\"","Заляева","Р.","Р.","ж",8,8,20,100,"участник","Хазиева Ольга Александровна","МБОУ \"Гимназия № 184\""]
[224,"Ново-Савиновский район","МБОУ \"Школа №71\"","Меркулова","Е.","Е.","ж",8,8,19,100,"участник","Сагдиева Римма Фаридовна","МБОУ \"Школа №71\" г.Казани"]
[225,"Советский район","МБОУ \"Многопрофильный лицей №187\"","Никифорова","Р.","А.","ж",8,8,19,100,"участник","Газизов Альберт Фаилович","МБОУ \"Многопрофильный лицей №187\""]
[226,"Советский район","МБОУ \"Лицей №185\"","Сулейманов","Б.","Я.","м",8,8,19,100,"участник","Веденяпина Ирина Александровна","Лицей № 185"]
[227,"Советский район","МБОУ \"Школа №22-Центр образования\"","Насыбуллина","К.","Р.","ж",8,8,19,100,"участник","Чебыкин Андрей Алексеевич","МБОУ \"Школа №22 - Центр образования\""]
[228,"Советский район","МБОУ \"Лицей №95\"","Новоселов","М.","Д.","м",8,8,19,100,"участник","Султанова Айгуль Ленаровна","МБОУ \"Лицей №95\""]
[229,"Советский район","МБОУ \"Гимназия №20 имени Абдуллы Алиша\"","Мамаева","П.","Р.","ж",8,8,18,100,"участник","Кротова Дарья Дмитриевна","МБОУ \"Гимназия № 20 имени Абдуллы Алиша\""]
[230,"Приволжский район","МБОУ \"Гимназия №18\"","Миндубаев","Х.","А.","м",8,8,18,100,"участник","Мансурова Гульчачак Асгатовна","МБОУ \"Гимназия №18 с татарским языком обучения -\"Галэм\" Приволжского района г.Казани"]
[231,"Советский район","МБОУ \"Многопрофильный лицей №187\"","Бендель","С.","А.","ж",8,8,18,100,"участник","Газизов Альберт Фаилович","МБОУ \"Многопрофильный лицей №187\""]
[232,"Кировский район","МБОУ \"Татарская гимназия №15\"","Чапаев","А.","Р.","м",8,8,17,100,"участник","Хайруллина Зайтуня Зуфаровна","МБОУ \"Татарская гимназия №15\""]
[233,"Ново-Савиновский район","МБОУ \"Школа №38\"","Юнусов","И.","Н.","м",8,8,17,100,"участник","Хакимова Алеся Дмитриевна","МБОУ \"Школа 38\""]
[234,"Советский район","МБОУ \"Гимназия №20 имени Абдуллы Алиша\"","Фазлетдинова","С.","В.","ж",8,8,17,100,"участник","Кротова Дарья Дмитриевна","МБОУ \"Гимназия № 20 имени Абдуллы Алиша\""]
[235,"Советский район","МБОУ \"Гимназия №175\"","Уткина","А.","С.","ж",8,8,17,100,"участник","Корнилова Екатерина Дмитриевна","МБОУ \"Гимназия 175\""]
[236,"Советский район","МБОУ \"Школа №22-Центр образования\"","Измайлова","Р.","Н.","ж",8,8,17,100,"участник","Чебыкин Андрей Алексеевич","МБОУ \"Школа №22 - Центр образования\""]
[237,"Советский район","МБОУ \"Школа №124\"","Латыпова","К.","И.","ж",8,8,16,100,"участник","Ахметова Ландыш Фаиловна","МБОУ СОШ №124"]
[238,"Кировский район","МБОУ \"Татарская гимназия №15\"","Валиев","А.","Д.","м",8,8,15,100,"участник","Сагдиева Феруза Идрисовна","МБОУ \"Татарская гимназия №15\""]
[239,"Советский район","МБОУ \"Лицей №95\"","Мифтахутдинова","Д.","М.","ж",8,8,15,100,"участник","Султанова Айгуль Ленаровна","МБОУ \"Лицей №95\""]
[240,"Вахитовский район","МБОУ \"Школа №80 имени Каюма Насыри\"","Хасанов","Н.","Р.","м",8,8,15,100,"участник","Аскеров Вагиф Паша оглы","МБОУ \"Школа №80 им.К.Насыри\""]
[241,"Кировский район","МБОУ \"Гимназия №4\"","Айзенберг","Д.","Л.","м",8,8,14,100,"участник","Миначева Эндже Ильфаковна","МБОУ \"Гимназия №4\""]
[242,"Кировский район","МБОУ \"Школа №151\"","Никитенко","Л.","М.","ж",8,8,14,100,"участник","Тимофеева Наталья Владимировна","МБОУ \"Средняя школа № 151\""]
[243,"Советский район","МБОУ \"Школа №22-Центр образования\"","Гайнутдинова","Р.","М.","ж",8,8,14,100,"участник","Чебыкин Андрей Алексеевич","МБОУ \"Школа №22 - Центр образования\""]
[244,"Советский район","МБОУ \"Лицей №95\"","Лывин","М.","И.","м",8,8,14,100,"участник","Султанова Айгуль Ленаровна","МБОУ \"Лицей №95\""]
[245,"Ново-Савиновский район","МБОУ \"Гимназия №155\"","Гусев","А.","М.","м",8,8,13,100,"участник","Ахатова Роза Рахиповна","МБОУ \"Гимназия №155 с татарским языком обучения\" Ново-Савиновского района г.Казани"]
[246,"Советский район","МБОУ \"Школа №124\"","Кадырова","К.","А.","ж",8,8,13,100,"участник","Ахметова Ландыш Фаиловна","МБОУ СОШ №124"]
[247,"Советский район","МБОУ \"Школа №22-Центр образования\"","Гиззатуллина","С.","А.","ж",8,8,13,100,"участник","Чебыкин Андрей Алексеевич","МБОУ \"Школа №22 - Центр образования\""]
[248,"Вахитовский район","МАОУ \"Школа №18\"","Гизатуллина","Х.","Р.","ж",8,8,13,100,"участник","Оринин Даниил Робертович","МАОУ\"школа№18\""]
[249,"Ново-Савиновский район","МБОУ \"Школа №38\"","Мельников","К.","Э.","м",8,8,12,100,"участник","Хакимова Алеся Дмитриевна","МБОУ \"Школа 38\""]
[250,"Советский район","МБОУ \"Гимназия №20 имени Абдуллы Алиша\"","Файзуллин","Б.","М.","м",8,8,12,100,"участник","Кротова Дарья Дмитриевна","МБОУ \"Гимназия № 20 имени Абдуллы Алиша\""]
[251,"Кировский район","МБОУ \"Гимназия №4\"","Халиуллин","Э.","Р.","м",8,8,11,100,"участник","Миначева Эндже Ильфаковна","МБОУ \"Гимназия №4\""]
[252,"Советский район","МБОУ \"Лицей №95\"","Ибрагимова","И.","Р.","ж",8,8,11,100,"участник","Султанова Айгуль Ленаровна","МБОУ \"Лицей №95\""]
[253,"Советский район","МБОУ \"Лицей №95\"","Мухаметгареева","А.","А.","ж",8,8,11,100,"участник","Султанова Айгуль Ленаровна","МБОУ \"Лицей №95\""]
[254,"Приволжский район","МБОУ \"Школа №97\"","Табаков","А.","Д.","м",8,8,11,100,"участник","Тюгаев Ильяс Асиятович","МБОУ \"Школа \"97\" Приволжского района г. Казани"]
[255,"Приволжский район","МБОУ \"Школа №97\"","Гайнутдинов","Р.","А.","м",8,8,11,100,"участник","Тюгаев Ильяс Асиятович","МБОУ \"Школа \"97\" Приволжского района г. Казани"]
[256,"Вахитовский район","МАОУ \"Школа №18\"","Гизатуллин","А.","А.","м",8,8,11,100,"участник","Оринин Даниил Робертович","МАОУ\"школа№18\""]
[257,"Кировский район","МБОУ \"Школа №57\"","Гайнуллин","А.","Р.","м",8,8,10,100,"участник","Варфоломеева Зоя Владимировна","МБОУ \"Школа № 57\""]
[258,"Советский район","МАОУ \"Лицей №121\"","Семенова","В.","А.","ж",8,8,10,100,"участник","Хасанова Флера Анваровна","МАОУ \"Лицей №121\" имени героя Советского Союза С.А.Ахтямова"]
[259,"Советский район","МБОУ \"Школа №22-Центр образования\"","Иванникова","М.","К.","ж",8,8,9,100,"участник","Чебыкин Андрей Алексеевич","МБОУ \"Школа №22 - Центр образования\""]
[260,"Советский район","МБОУ \"Школа №124\"","Набиуллина","М.","Р.","ж",8,8,7,100,"участник","Ахметова Ландыш Фаиловна","МБОУ СОШ №124"]
[261,"Вахитовский район","МБОУ \"Школа №13\"","Шарафиев","К.","Р.","м",8,8,7,100,"участник","Каллаур А.А.","МБОУ \"Школа №13\""]
[262,"Авиастроительный район","МБОУ \"Гимназия №14\"","Зиновьева","А.","А.","ж",8,8,6,100,"участник","Камаева Лилия Халимовна","МБОУ \"Гимназия №14\""]
[263,"Советский район","МБОУ \"Школа №124\"","Валиуллина","Л.","А.","ж",8,8,6,100,"участник","Ахметова Ландыш Фаиловна","МБОУ СОШ №124"]
[264,"Советский район","МБОУ \"Лицей №95\"","Мусаева","М.","Т.","ж",8,8,6,100,"участник","Султанова Айгуль Ленаровна","МБОУ \"Лицей №95\""]
[265,"Вахитовский район","МБОУ \"Школа №80 имени Каюма Насыри\"","Леонтьева","К.","Л.","ж",8,8,5,100,"участник","Аскеров Вагиф Паша оглы","МБОУ \"Школа №80 им.К.Насыри\""]
[266,"Московский район","МАОУ \"Лицей-интернат №2\"","Алиуллин","А.","И.","м",9,9,69,100,"Победитель","Лазарев Юрий Юрьевич","МАОУ \"Лицей-интернат №2\" Московского района г.Казани"]
[267,"Приволжский район","МАОУ \"Гимназия №19\"","Матвеев","А.","Н.","м",9,9,67,100,"призер","Галимов Айдар Фаргатович","Муниципальное автономное общеобразовательное учреждение «Гимназия №19» Приволжского района г. Казани/"]
[268,"Вахитовский район","ФГКОУ \"Казанское суворовское военное училище\"","Курицын","Г.","Н.","м",9,9,67,100,"призер","Наумова Марина Леонидовна","ФГКОУ \"Казанское суворовское военное училище МО РФ\""]
[269,"Московский район","МАОУ \"Лицей-интернат №2\"","Сайфутдинов","А.","Э.","м",9,9,66,100,"призер","Мухин Владимир Игоревич","МАОУ \"Лицей-интернат №2\" Московского района г.Казани"]
[270,"Московский район","МАОУ \"Лицей-интернат №2\"","Тарасов","М.","Л.","м",9,9,64,100,"призер","Мухин Владимир Игоревич","МАОУ \"Лицей-интернат №2\" Московского района г.Казани"]
[271,"Авиастроительный район","МБОУ \"Гимназия №36\"","Чугунов","А.","С.","м",9,9,59,100,"призер","Рудовская Татьяна Геннадьевна","МБОУ «Гимназия №36» Авиастроительного района г.Казани"]
[272,"Вахитовский район","МАОУ СОШИ \"СОлНЦе\"","Баянова","С.","Р.","ж",9,9,58,100,"призер","Латыпов Азат Ринатович","МАОУ СОШИ \"СОлНЦе\""]
[273,"Ново-Савиновский район","МАОУ \"Лицей-интернат №7\"","Лутфрахманов","К.","А.","м",9,9,58,100,"призер","Алексеева Лариса Владимировна","МАОУ \"Лицей-интернат №7\" Ново-Савиновского района г. Казани"]
[274,"Вахитовский район","ФГКОУ \"Казанское суворовское военное училище\"","Запивахин","И.","С.","м",9,9,56,100,"призер","Наумова Марина Леонидовна","ФГКОУ \"Казанское суворовское военное училище МО РФ\""]
[275,"Вахитовский район","ФГКОУ \"Казанское суворовское военное училище\"","Зимин","И.","А.","м",9,9,56,100,"призер","Наумова Марина Леонидовна","ФГКОУ \"Казанское суворовское военное училище МО РФ\""]
[276,"Приволжский район","МБОУ \"Школа №88\"","Заяц","П.","А.","м",9,9,56,100,"призер","Гатауллина Диана Владимировна","МБОУ \"Школа №88\""]
[277,"Московский район","МБОУ \"Гимназия № 122 имени Ж.А.Зайцевой\"","Зайдуллин","М.","С.","м",9,9,55,100,"призер","Чайковская Светлана Валентиновна","МБОУ Гимназия №122 имени Ж.А.Зайцевой"]
[278,"Советский район","МБОУ \"Гимназия №90\"","Сагеева","А.","Ш.","ж",9,9,53,100,"призер","Володин Алксандр Геннадьевич","МБОУ \"Гимназия № 90\" Советского района г. Казани"]
[279,"Вахитовский район","СОШИ \"Лицей имени Н.И.Лобачевского\" КФУ","Хасанов","Р.","А.","ж",9,9,47,100,"участник","Билалова Дина Султановна","СОШИ \"Лицей имени Н.И.Лобачевского\" КФУ"]
[280,"Московский район","Школа \"Елена-Сервис\"","Шахмуратов","А.","Т.","м",9,9,47,100,"участник","Якимова Ирина Владимировна","ЧОУ СОШ \"Елена - Сервис\""]
[281,"Вахитовский район","ФГКОУ \"Казанское суворовское военное училище\"","Уваев","А.","Р.","м",9,9,45,100,"участник","Наумова Марина Леонидовна","ФГКОУ \"Казанское суворовское военное училище МО РФ\""]
[282,"Вахитовский район","МАОУ \"Лицей №131\"","Костоусова","В.","А.","ж",9,9,44,100,"участник","Файзулина Диляра Сагитовна","МАОУ \"Лицей №131\""]
[283,"Советский район","МБОУ \"Школа №167\"","Хазеев","Д.","И.","м",9,9,43,100,"участник","Макарова Светлана Анатольевна","МБОУ \"Средняя общеобразовательная школа №167 с углубленным изучением отдельных предметов\" Советского района г.Казани"]
[284,"Приволжский район","МБОУ \"Гимназия №40\"","Усманов","Б.","М.","м",9,9,43,100,"участник","Малягина Наталья Дмитриевна","МБОУ \"Гимназия №40\""]
[285,"Московский район","МБОУ \"Школа №120\" Московского района г.Казани","Долгополов","Р.","К.","м",9,9,42,100,"участник","Михеев Максим Вячеславович","МБОУ \"СОШ №120\" Московского района г.Казани"]
[286,"Советский район","МБОУ \"Гимназия №90\"","Хантимиров","Т.","С.","м",9,9,42,100,"участник","Володин Алксандр Геннадьевич","МБОУ \"Гимназия № 90\" Советского района г. Казани"]
[287,"Приволжский район","МБОУ \"Лицей №35\"","Саитов","Б.","М.","м",9,9,40,100,"участник","Силаева Елена Николаевна","МБОУ \"Лицей №35 - образовательный центр \"Галактика\""]
[288,"Авиастроительный район","МБОУ \"Школа №54\"","Баранов","Е.","А.","м",9,9,39,100,"участник","Нестерова Алена Петровна","МБОУ \"Школа № 54\""]
[289,"Кировский район","МБОУ \"Гимназия №4\"","Зарипов","А.","Р.","м",9,9,39,100,"участник","Гайнутдинова Ильмира Альбертовна","МБОУ \"Гимназия №4\""]
[290,"Вахитовский район","МБОУ \"Гимназия №3\"","Ахмадуллина","А.","А.","ж",9,9,39,100,"участник","Сафиуллин Амир Маратович","МБОУ \"Гимназия №3\" Вахитовского района г. Казань"]
[291,"Вахитовский район","МАОУ \"Школа №39\"","Радостев","К.","Э.","м",9,9,38,100,"участник","Максимова Чулпан Афроимовна","МАОУ \"Школа №39\""]
[292,"Приволжский район","МАОУ \"Гимназия №19\"","Глебов","М.","Е.","м",9,9,37,100,"участник","Галимов Айдар Фаргатович","Муниципальное автономное общеобразовательное учреждение «Гимназия №19» Приволжского района г. Казани/"]
[293,"Вахитовский район","МАОУ \"Лицей №131\"","Шайхутдинов","Д.","А.","м",9,9,36,100,"участник","Айнулова Гульчачак Ниязовна","МАОУ \"Лицей №131\""]
[294,"Авиастроительный район","МБОУ \"Гимназия №33\"","Лазарева","К.","Н.","ж",9,9,34,100,"участник","Валиев Ильмар Ильдарович","МБОУ \"Гимназия №33\" Авиастроительного района г.Казани"]
[295,"Ново-Савиновский район","МБОУ \"Гимназия №107\"","Леонов","М.","В.","м",9,9,34,100,"участник","Хейранова Алина Ильдусовна","МБОУ \"Гимназия №107 Открытие\""]
[296,"Московский район","МБОУ \"Гимназия №9\"","Чмырев","В.","А.","м",9,9,33,100,"участник","Кравченко Юлия Геннадьевна","МБОУ \"Гимназия №9\""]
[297,"Приволжский район","МБОУ \"Лицей №78 \"Фарватер\"","Урманчеев","А.","Т.","м",9,9,33,100,"участник","Мананнова Галина Михайловна","МБОУ \"Лицей № 78 \"Фарватер\" Приволжского района г.Казани"]
[298,"Приволжский район","МАОУ \"Гимназия №19\"","Нуриев","А.","А.","м",9,9,33,100,"участник","Никонорова Евгения Александровна","Муниципальное автономное общеобразовательное учреждение «Гимназия №19» Приволжского района г. Казани/"]
[299,"Вахитовский район","МАОУ \"Школа №18\"","Минниханова","А.","Р.","ж",9,9,33,100,"участник","Бухарина Ирина Владимировна","МАОУ \"школа№18\""]
[300,"Приволжский район","МБОУ \"Лицей №186-\"Перспектива\"","Зарипов","А.","А.","м",9,9,32,100,"участник","Броднева Наталья Владимировна","МБОУ \"Лицей № 186 \"Перспектива\" г.Казани"]
[301,"Вахитовский район","ФГКОУ \"Казанское суворовское военное училище\"","Зубаиров","Д.","И.","м",9,9,32,100,"участник","Наумова Марина Леонидовна","ФГКОУ \"Казанское суворовское военное училище МО РФ\""]
[302,"Кировский район","МАОУ \"Гимназия-интернат №4\"","Сафина","Р.","Р.","ж",9,9,31,100,"участник","Валеева Анна Борисовна","МАОУ \"Гимназияи-интернат №4\" Кировского района города Казани"]
[303,"Приволжский район","МБОУ \"Школа №97\"","Зинатуллин","К.","М.","м",9,9,31,100,"участник","Тюгаев Ильяс Асиятович","МБОУ \"Школа \"97\" Приволжского района г. Казани"]
[304,"Авиастроительный район","МБОУ \"Школа№77\"","Пилипенко","Т.","В.","м",9,9,30,100,"участник","Матяшина Елена Николаевна","МБОУ \"Школа№77\""]
[305,"Вахитовский район","МАОУ \"Школа №18\"","Караваева","В.","В.","ж",9,9,30,100,"участник","Бухарина Ирина Владимировна","МАОУ \"школа№18\""]
[306,"Московский район","МБОУ \"Гимназия №9\"","Дмитриева","Э.","Д.","ж",9,9,29,100,"участник","Кравченко Юлия Геннадьевна","МБОУ \"Гимназия №9\""]
[307,"Приволжский район","МБОУ \"Лицей №83-Центр образования\"","Старцева","А.","Е.","ж",9,9,29,100,"участник","Ануфриева Лариса Анатольевна","МБОУ \"Лицей №83-ЦО\""]
[308,"Авиастроительный район","МБОУ \"Гимназия №36\"","Алымов","Е.","Д.","м",9,9,29,100,"участник","Рудовская Татьяна Геннадьевна","МБОУ «Гимназия №36» Авиастроительного района г.Казани"]
[309,"Московский район","МБОУ \"Татарская гимназия №2 при КФУ\"","Фатыхова","М.","А.","ж",9,9,28,100,"участник","Нурахметова Эвелина Ильгизовна","МБОУ \"Татарская гимназия №2 при КФУ\""]
[310,"Советский район","МБОУ \"Гимназия №184\"","Николаенко","В.","И.","ж",9,9,28,100,"участник","Никифоров Сергей Анатольевич","МБОУ \"Гимназия № 184\""]
[311,"Советский район","МБОУ \"Школа №84\"","Иванов","М.","Д.","м",9,9,28,100,"участник","Батманова Гульнар Ильдаровна","МБОУ \"Школа №84\" Советского района г.Казани"]
[312,"Приволжский район","АНОО  \"Академия БС\"","Абубакирова","А.","Р.","ж",9,9,28,100,"участник","Казакова Карина Николаевна","АНОО \"Академия Бала-Сити (Город детей)\""]
[313,"Вахитовский район","СОШИ \"Лицей имени Н.И.Лобачевского\" КФУ","Ахметзянов","Т.","А.","ж",9,9,28,100,"участник","Билалова Дина Султановна","СОШИ \"Лицей имени Н.И.Лобачевского\" КФУ"]
[314,"Ново-Савиновский район","МБОУ \"Гимназия №7\"","Флакс","М.","Д.","ж",9,9,27,100,"участник","Мелехова Гульнара Ильдусовна","МБОУ \"Гимназия №7 им. Героя России Козина А.В.\""]
[315,"Авиастроительный район","МБОУ \"Гимназия №33\"","Заманова","А.","Р.","ж",9,9,27,100,"участник","Валиев Ильмар Ильдарович","МБОУ \"Гимназия №33\" Авиастроительного района г.Казани"]
[316,"Приволжский район","МБОУ \"Школа №42 имени Героя России Д.Р.Гилемханова\"","Кузнецов","М.","Д.","м",9,9,27,100,"участник","Макаров Иван Григорьевич","МБОУ \"Школа № 42\""]
[317,"Авиастроительный район","МБОУ \"Гимназия №33\"","Латипова","Р.","Б.","ж",9,9,26,100,"участник","Валиев Ильмар Ильдарович","МБОУ \"Гимназия №33\" Авиастроительного района г.Казани"]
[318,"Приволжский район","МБОУ \"Лицей №83-Центр образования\"","Сибгатуллина","Л.","С.","ж",9,9,26,100,"участник","Ануфриева Лариса Анатольевна","МБОУ \"Лицей №83-ЦО\""]
[319,"Приволжский район","МБОУ \"Школа №127\"","Чернов","А.","Е.","м",9,9,26,100,"участник","Фазлуллина Алина Ренатовна","МБОУ №127"]
[320,"Вахитовский район","СОШИ \"Лицей имени Н.И.Лобачевского\" КФУ","Луканихина","О.","В.","ж",9,9,26,100,"участник","Билалова Дина Султановна","СОШИ \"Лицей имени Н.И.Лобачевского\" КФУ"]
[321,"Вахитовский район","МАОУ \"Школа №39\"","Гайзетдинов","А.","А.","м",9,9,26,100,"участник","Максимова Чулпан Афроимовна","МАОУ \"Школа №39\""]
[322,"Вахитовский район","МАОУ \"Лицей №131\"","Юсипова","З.","А.","ж",9,9,26,100,"участник","Айнулова Гульчачак Ниязовна","МАОУ \"Лицей №131\""]
[323,"Приволжский район","МАОУ \"Гимназия №139-Центр образования\"","Климанова","А.","А.","ж",9,9,26,100,"участник","Садреева Ольга Викторовна","МАОУ \"Гимназия№139-Центр образования Приволжского района г. Казань"]
[324,"Авиастроительный район","МБОУ \"Гимназия №33\"","Хайбуллин","И.","Г.","м",9,9,25,100,"участник","Валиев Ильмар Ильдарович","МБОУ \"Гимназия №33\" Авиастроительного района г.Казани"]
[325,"Приволжский район","МБОУ \"Школа №129\"","Антонов","Т.","А.","м",9,9,25,100,"участник","Олексенко Ольга Александровна","МБОУ \"Школа№129\""]
[326,"Приволжский район","МБОУ \"Лицей №186-\"Перспектива\"","Салимова","С.","Р.","ж",9,9,25,100,"участник","Броднева Наталья Владимировна","МБОУ \"Лицей № 186 \"Перспектива\" г.Казани"]
[327,"Вахитовский район","МАОУ \"Школа №18\"","Зарипова","З.","Р.","ж",9,9,25,100,"участник","Бухарина Ирина Владимировна","МАОУ \"школа№18\""]
[328,"Авиастроительный район","МБОУ \"Лицей №145\"","Баранова","К.","А.","ж",9,9,24,100,"участник","Фомина Евгения Александровна","МБОУ \"Лицей №145\""]
[329,"Ново-Савиновский район","ГАОУ \"Адымнар - Казань\" (ул. А.Бичурина)","Свилин","А.","Р.","м",9,9,24,100,"участник","Нургалиева Люция Ирековна","ГАОУ\"Адымнар-Казань\""]
[330,"Советский район","МБОУ \"Лицей №159 имени С.Х.Загидуллиной\"","Газизуллин","Г.","А.","м",9,9,24,100,"участник","Халимуллина Лилия Анфисовна","МБОУ \"Лицей № 159 им.С.Х.Загидуллиной\""]
[331,"Приволжский район","МБОУ \"Гимназия №6\"","Гордеев","В.","Д.","м",9,9,24,100,"участник","Николаева Татьяна Антониновна","МБОУ\"Гимназия №6\" Приволжского района г. Казани"]
[332,"Ново-Савиновский район","МБОУ \"Лицей №23\"","Халатов","А.","М.","м",9,9,23,100,"участник","Алимова Расиля Надыровна","МБОУ \"Лицей №23\" г. Казани"]
[333,"Кировский район","МБОУ \"Школа №70\"","Фатхуллин","Р.","Р.","м",9,9,23,100,"участник","Шишков Алексей Иванович","Муниципальное бюджетное общеобразовательное учреждение \"Средняя общеобразовательная школа № 70 с углубленным изучением отдельных предметов\" Кировского района г.Казани"]
[334,"Кировский район","МБОУ \"Школа №57\"","Вафин","И.","Д.","м",9,9,23,100,"участник","Варфоломеева Зоя Владимировна","МБОУ \"Школа № 57\""]
[335,"Советский район","МБОУ \"Гимназия №90\"","Гибадуллина","А.","А.","ж",9,9,23,100,"участник","Володин Алксандр Геннадьевич","МБОУ \"Гимназия № 90\" Советского района г. Казани"]
[336,"Приволжский район","МБОУ \"Школа №42 имени Героя России Д.Р.Гилемханова\"","Бычкова","А.","А.","ж",9,9,23,100,"участник","Макаров Иван Григорьевич","МБОУ \"Школа № 42\""]
[337,"Приволжский район","МБОУ \"Лицей №83-Центр образования\"","Гимадеева","И.","А.","ж",9,9,23,100,"участник","Сумцева Раиса Амирановна","МБОУ \"Лицей 83-ЦО\""]
[338,"Приволжский район","МБОУ \"Гимназия №16\"","Мурованная","С.","С.","ж",9,9,23,100,"участник","Хабирова Айгуль Азхаровна","МБОУ \"Татаро-английская гимназия №16\""]
[339,"Московский район","МБОУ \"Гимназия №9\"","Чудин","Д.","В.","м",9,9,22,100,"участник","Кравченко Юлия Геннадьевна","МБОУ \"Гимназия №9\""]
[340,"Московский район","МБОУ \"Гимназия № 122 имени Ж.А.Зайцевой\"","Хайбуллин","Я.","А.","м",9,9,22,100,"участник","Садыков Жаудат Назипович","МБОУ Гимназия 122 имени Ж.А. Зайцевой"]
[341,"Советский район","МБОУ \"Лицей №110\"","Фаттахутдинов","С.","С.","м",9,9,22,100,"участник","Ташулатова Елена Вадимовна","МБОУ \"Лицей №110\""]
[342,"Советский район","МБОУ \"Многопрофильный лицей №187\"","Зиганшин","М.","И.","м",9,9,22,100,"участник","Файзуллина Альбина Маликовна","МБОУ \"Многопрофильный лицей №187\""]
[343,"Приволжский район","МБОУ \"Лицей №83-Центр образования\"","Губеев","А.","Б.","м",9,9,22,100,"участник","Сумцева Раиса Амирановна","МБОУ \"Лицей 83-ЦО\""]
[344,"Кировский район","МБОУ  \"Школа №32\"","Багин","Л.","А.","м",9,9,21,100,"участник","Салахов Динар Дамирович","МБОУ \"Школа №32\""]
[345,"Московский район","МБОУ \"Школа №34\"","Аверин","А.","А.","м",9,9,21,100,"участник","Лачугина Оксана Ивановна","МБОУ \"Средняя общеобразовательная татарско-русская школа № 34\""]
[346,"Советский район","МБОУ \"Гимназия №175\"","Петрова","Ю.","А.","ж",9,9,21,100,"участник","Корнилова Екатерина Дмитриевна","МБОУ \"Гимназия 175\""]
[347,"Приволжский район","МАОУ \"Гимназия №19\"","Мусин","Т.","Д.","м",9,9,21,100,"участник","Никонорова Евгения Александровна","Муниципальное автономное общеобразовательное учреждение «Гимназия №19» Приволжского района г. Казани/"]
[348,"Приволжский район","МБОУ \"Школа №42 имени Героя России Д.Р.Гилемханова\"","Ситулин","И.","Д.","м",9,9,21,100,"участник","Макаров Иван Григорьевич","МБОУ \"Школа № 42\""]
[349,"Приволжский район","МБОУ \"Гимназия №16\"","Нутфуллин","А.","Ф.","м",9,9,21,100,"участник","Хабирова Айгуль Азхаровна","МБОУ \"Татаро-английская гимназия №16\""]
[350,"Вахитовский район","МБОУ \"Гимназия №28\"","Шайхутдинова","Я.","Р.","ж",9,9,21,100,"участник","Апарова Алия Зульфатовна","МБОУ \"Гимназия 28\" Вахитовского района г. Казани"]
[351,"Ново-Савиновский район","МБОУ \"Школа №71\"","Ильина","А.","И.","ж",9,9,20,100,"участник","Халикова Гульназ Габбасовна","МБОУ \"Школа №71\" г.Казани"]
[352,"Вахитовский район","МБОУ \"Гимназия №96\"","Кадырова","Ф.","Н.","ж",9,9,20,100,"участник","Гиниатуллина Венера Ильдаровна","МБОУ Гимназия №96"]
[353,"Ново-Савиновский район","МБОУ \"Лицей №170\"","Кадагазов","А.","Ш.","м",9,9,19,100,"участник","Чернова Надежда Анатольевна","МБОУ «Лицей170»"]
[354,"Ново-Савиновский район","МБОУ \"Лицей №170\"","Авдеев","Н.","Д.","м",9,9,19,100,"участник","Чернова Надежда Анатольевна","МБОУ «Лицей170»"]
[355,"Московский район","МБОУ \"Гимназия №94 имени Л.Н.Мурысина\"","Астафьев","И.","Ю.","м",9,9,19,100,"участник","Хлопочкина Кристина Васильевна","МБОУ \"Гимназия №94 им. Л.Н.Мурысина\""]
[356,"Советский район","МБОУ \"Школа №171\"","Ермоленко","М.","Д.","м",9,9,19,100,"участник","Хуснутдинова Гульнур Гумаровна","МБОУ \"Школа 171\""]
[357,"Приволжский район","МБОУ \"Гимназия №40\"","Анненков","К.","А.","м",9,9,19,100,"участник","Малягина Наталья Дмитриевна","МБОУ \"Гимназия №40\""]
[358,"Авиастроительный район","МБОУ \"Гимназия №33\"","Морозов","Д.","В.","м",9,9,18,100,"участник","Валиев Ильмар Ильдарович","МБОУ \"Гимназия №33\" Авиастроительного района г.Казани"]
[359,"Кировский район","МБОУ \"Гимназия №50\"","Порванов","Р.","Д.","м",9,9,18,100,"участник","Кришталь Светлана Михайловна","МБОУ «Гимназия №50» Кировского района города Казани"]
[360,"Кировский район","МБОУ \"Гимназия №3 с татарским языком обучения\"","Попков","М.","А.","м",9,9,18,100,"участник","Гибадуллина Зиля Камиловна","МБОУ \"Гимназия №3 с татарским языком обучения\" Кировского района"]
[361,"Советский район","МБОУ \"Школа №72\"","Дикопольский","Б.","Г.","м",9,9,18,100,"участник","Набиуллина Чулпан Ваниловна","МБОУ \"Школа №72\""]
[362,"Советский район","МБОУ \"Лицей №110\"","Храмова","В.","В.","ж",9,9,18,100,"участник","Ташулатова Елена Вадимовна","МБОУ \"Лицей №110\""]
[363,"Советский район","МБОУ \"Лицей №159 имени С.Х.Загидуллиной\"","Савченко","Д.","И.","м",9,9,18,100,"участник","Халимуллина Лилия Анфисовна","МБОУ \"Лицей № 159 им.С.Х.Загидуллиной\""]
[364,"Советский район","МБОУ \"Школа №111\"","Хрундин","О.","Д.","м",9,9,18,100,"участник","Шагдалеева Альфия Фиалетовна","школа №111"]
[365,"Приволжский район","МБОУ \"Лицей №83-Центр образования\"","Тимошенко","А.","Д.","м",9,9,17,100,"участник","Сумцева Раиса Амирановна","МБОУ \"Лицей 83-ЦО\""]
[366,"Приволжский район","МБОУ \"Школа №82\"","Арискин","Н.","Д.","м",9,9,17,100,"участник","Загидуллина Амина Наимовна","МБОУ \"Школа №82\""]
[367,"Приволжский район","МБОУ \"Лицей №83-Центр образования\"","Янбеков","Д.","А.","м",9,9,17,100,"участник","Сумцева Раиса Амирановна","МБОУ \"Лицей83-ЦО\""]
[368,"Советский район","МБОУ \"Гимназия №184\"","Шарафиева","Р.","Д.","ж",9,9,16,100,"участник","Никифоров Сергей Анатольевич","МБОУ \"Гимназия № 184\""]
[369,"Советский район","МБОУ \"Школа №169\"","Муликова","З.","Р.","ж",9,9,15,100,"участник","Кадырова Гузель Рафаэльевна","МБОУ \" Школа №169\""]
[370,"Советский район","МБОУ \"Гимназия №20 имени Абдуллы Алиша\"","Гарифуллин","И.","Д.","м",9,9,15,100,"участник","Закирова Азалина Азатовна","МБОУ \"Гимназия № 20 имени Абдуллы Алиша\""]
[371,"Авиастроительный район","МБОУ \"Школа №60\"","Беланов","И.","Д.","м",9,9,14,100,"участник","Хасаншина Рамзия Рашитовна","МБОУ \"Школа №60\""]
[372,"Советский район","МБОУ \"Гимназия №8 - Центр образования\"","Габсалямова","М.","Р.","ж",9,9,14,100,"участник","Соколова Татьяна Александровна","МБОУ \"Гимназия №8-Центр Образования\" Советского района г.Казани"]
[373,"Советский район","МБОУ \"Школа №144\"","Шакиров","Т.","Б.","м",9,9,14,100,"участник","Шарапов Алмаз Ринатович","МБОУ \"Школа№144\""]
[374,"Вахитовский район","МБОУ \"Гимназия №96\"","Елизарова","В.","А.","ж",9,9,14,100,"участник","Гиниатуллина Венера Ильдаровна","МБОУ Гимназия №96"]
[375,"Ново-Савиновский район","МБОУ \"Школа №85\"","Даутова","А.","М.","ж",9,9,13,100,"участник","Махмутова Марина Николаевна","АНО ДО \"Школа Юных Творцов\""]
[376,"Кировский район","МБОУ \"Школа №57\"","Гарипов","Э.","И.","м",9,9,13,100,"участник","Варфоломеева Зоя Владимировна","МБОУ \"Школа № 57\""]
[377,"Московский район","МБОУ \"Гимназия №102 имени М.С.Устиновой\"","Фаязова","К.","А.","ж",9,9,13,100,"участник","Варфоломеев Андрей Николаевич","МБОУ \"Гимназия №102 имени М.С.Устиновой\" Московского района г.Казани"]
[378,"Приволжский район","МБОУ \"Школа №97\"","Голованов","Н.","Д.","м",9,9,13,100,"участник","Тюгаев Ильяс Асиятович","МБОУ \"Школа \"97\" Приволжского района г. Казани"]
[379,"Приволжский район","МБОУ \"Лицей №83-Центр образования\"","Трофимова","С.","Э.","ж",9,9,13,100,"участник","Ануфриева Лариса Анатольевна","МБОУ \"Лицей №83-ЦО\""]
[380,"Вахитовский район","МБОУ \"Школа №13\"","Ахмадуллин","А.","А.","м",9,9,13,100,"участник","Каллаур А.А.","МБОУ \"Школа №13\""]
[381,"Авиастроительный район","МБОУ \"Гимназия №14\"","Гайфуллина","А.","Р.","ж",9,9,12,100,"участник","Гайфуллина Илюза Инзилевна","МБОУ \"Гимназия №14\""]
[382,"Кировский район","МБОУ  \"Школа №32\"","Медведев","А.","В.","м",9,9,12,100,"участник","Салахов Динар Дамирович","МБОУ \"Школа №32\""]
[383,"Кировский район","МБОУ \"Гимназия №3 с татарским языком обучения\"","Краснов","Б.","К.","м",9,9,12,100,"участник","Гибадуллина Зиля Камиловна","МБОУ \"Гимназия №3 с татарским языком обучения\" Кировского района"]
[384,"Кировский район","МБОУ \"Школа №57\"","Медов","Э.","Е.","м",9,9,12,100,"участник","Варфоломеева Зоя Владимировна","МБОУ \"Школа № 57\""]
[385,"Кировский район","МБОУ \"Школа №70\"","Закеев","К.","Э.","м",9,9,12,100,"участник","Шишков Алексей Иванович","Муниципальное бюджетное общеобразовательное учреждение \"Средняя общеобразовательная школа № 70 с углубленным изучением отдельных предметов\" Кировского района г.Казани"]
[386,"Приволжский район","МБОУ \"Лицей №83-Центр образования\"","Баляев","И.","А.","м",9,9,12,100,"участник","Сумцева Раиса Амирановна","МБОУ \"Лицей 83-ЦО\""]
[387,"Приволжский район","МБОУ \"Школа №68\"","Леммер","Э.","В.","ж",9,9,12,100,"участник","Шарафиева Ильсия Амировна","МБОУ \"Школа 68\""]
[388,"Кировский район","МБОУ \"Татарская гимназия №15\"","Петров","В.","А.","м",9,9,11,100,"участник","Хайруллина Зайтуня Зуфаровна","МБОУ \"Татарская гимназия №15\""]
[389,"Советский район","МБОУ \"Гимназия №184\"","Ванин","К.","В.","м",9,9,11,100,"участник","Никифоров Сергей Анатольевич","МБОУ \"Гимназия № 184\""]
[390,"Приволжский район","МБОУ \"Лицей №83-Центр образования\"","Миндубаев","А.","Р.","м",9,9,11,100,"участник","Сумцева Раиса Амирановна","МБОУ \"Лицей 83-ЦО\""]
[391,"Московский район","МБОУ \"Школа №55\"","Кокарев","К.","А.","м",9,9,10,100,"участник","Фатхеева Алена Валерьевна","МБОУ \"Школа № 55\""]
[392,"Авиастроительный район","МБОУ \"Гимназия №14\"","Нуруллина","Э.","М.","ж",9,9,9,100,"участник","Камаева Лилия Габдулхалимовна","МБОУ \"Гимназия №14\""]
[393,"Кировский район","МБОУ \"Гимназия №3 с татарским языком обучения\"","Каримуллин","Р.","И.","м",9,9,9,100,"участник","Гибадуллина Зиля Камиловна","МБОУ \"Гимназия №3 с татарским языком обучения\" Кировского района"]
[394,"Московский район","МБОУ \"Татарская гимназия №2 при КФУ\"","Галямов","Т.","И.","м",9,9,9,100,"участник","Нурахметова Эвелина Ильгизовна","МБОУ \"Татарская гимназия №2 при КФУ\""]
[395,"Московский район","МБОУ \"Школа №34\"","Назаренко","В.","Т.","м",9,9,9,100,"участник","Лачугина Оксана Ивановна","МБОУ \"Средняя общеобразовательная татарско-русская школа № 34\""]
[396,"Приволжский район","МБОУ \"Многопрофильный лицей №133\"","Шайхутдинов","Б.","А.","м",9,9,9,100,"участник","Гордеева Екатерина Алексеевна","МБОУ \"Лицей №133\""]
[397,"Кировский район","МБОУ \"Татарская гимназия №15\"","Игнатьева","Э.","Л.","ж",9,9,8,100,"участник","Сагдиева Феруза Идрисовна","МБОУ \"Татарская гимназия №15\""]
[398,"Советский район","МБОУ \"Гимназия №20 имени Абдуллы Алиша\"","Мингазов","К.","Р.","м",9,9,8,100,"участник","Кротова Дарья Дмитриевна","МБОУ \"Гимназия № 20 имени Абдуллы Алиша\""]
[399,"Советский район","МБОУ \"Гимназия №184\"","Ильюшин","Б.","А.","м",9,9,8,100,"участник","Никифоров Сергей Анатольевич","МБОУ \"Гимназия № 184\""]
[400,"Советский район","МБОУ \"Гимназия №184\"","Климентьева","А.","А.","ж",9,9,8,100,"участник","Никифоров Сергей Анатольевич","МБОУ \"Гимназия № 184\""]
[401,"Приволжский район","МБОУ \"Школа №127\"","Галимуллин","М.","А.","м",9,9,8,100,"участник","Фазлуллина Алина Ренатовна","МБОУ №127"]
[402,"Вахитовский район","МБОУ \"Гимназия №96\"","Садикова","Р.","М.","ж",9,9,8,100,"участник","Гиниатуллина Венера Ильдаровна","МБОУ Гимназия №96"]
[403,"Советский район","МБОУ \"Лицей №110\"","Митрофанов","Я.","А.","м",9,9,7,100,"участник","Ташулатова Елена Вадимовна","МБОУ \"Лицей №110\""]
[404,"Приволжский район","МБОУ \"Лицей №83-Центр образования\"","Аюпова","К.","Р.","ж",9,9,7,100,"участник","Сумцева Раиса Амирановна","МБОУ \"Лицей 83-ЦО\""]
[405,"Советский район","МБОУ \"Гимназия №90\"","Лыкова","П.","В.","ж",9,9,6,100,"участник","Володин Алксандр Геннадьевич","МБОУ \"Гимназия № 90\" Советского района г. Казани"]
[406,"Приволжский район","МБОУ \"Лицей №83-Центр образования\"","Овчинников","А.","И.","м",9,9,6,100,"участник","Сумцева Раиса Амирановна","МБОУ \"Лицей 83-ЦО\""]
[407,"Приволжский район","МБОУ \"Школа №48\"","Нагуманова","К.","С.","ж",9,9,6,100,"участник","Зайнуллина Тамара Николаевна","МБОУ \"СОШ №48\""]
[408,"Приволжский район","МБОУ \"Школа №97\"","Непыйвода","А.","А.","ж",9,9,6,100,"участник","Тюгаев Ильяс Асиятович","МБОУ \"Школа \"97\" Приволжского района г. Казани"]
[409,"Приволжский район","МБОУ \"Школа №97\"","Исматуллаева","С.","Н.","ж",9,9,6,100,"участник","Тюгаев Ильяс Асиятович","МБОУ \"Школа \"97\" Приволжского района г. Казани"]
[410,"Вахитовский район","МБОУ \"Школа №13\"","Силантьев","Е.","В.","м",9,9,6,100,"участник","Каллаур А.А.","МБОУ \"Школа №13\""]
[411,"Ново-Савиновский район","МБОУ \"Школа №71\"","Портняжкина","К.","Р.","ж",9,9,5,100,"участник","Халикова Гульназ Габбасовна","МБОУ \"Школа №71\" г.Казани"]
[412,"Московский район","МБОУ \"Школа №55\"","Кокрова","В.","Р.","ж",9,9,5,100,"участник","Фатхеева Алена Валерьевна","МБОУ \"Школа № 55\""]
[413,"Авиастроительный район","МБОУ \"Гимназия №14\"","Салихова","З.","Р.","ж",9,9,4,100,"участник","Гайфуллина Илюза Инзилевна","МБОУ \"Гимназия №14\""]
[414,"Советский район","МБОУ \"Гимназия №90\"","Гайнутдинова","А.","Р.","ж",9,9,4,100,"участник","Володин Алксандр Геннадьевич","МБОУ \"Гимназия № 90\" Советского района г. Казани"]
[415,"Приволжский район","МБОУ \"Школа №10\"","Кожевников","А.","И.","м",9,9,4,100,"участник","Гимадеев Ринат Рифкатович","МБОУ \"Школа №10\""]
[416,"Приволжский район","МБОУ \"Школа №97\"","Гамолко","С.","В.","м",9,9,3,100,"участник","Тюгаев Ильяс Асиятович","МБОУ \"Школа \"97\" Приволжского района г. Казани"]
[417,"Авиастроительный район","МБОУ \"Лицей №145\"","Щеглов","Р.","Е.","м",9,9,1,100,"участник","Фомина Евгения Александровна","МБОУ \"Лицей №145\""]
[418,"Ново-Савиновский район","МБОУ \"Лицей №170\"","Гиззатуллин","Д.","А.","м",10,10,65.5,100,"Победитель","Волкова Наталья Витальевна","МБОУ \"Лицей 170\""]
[419,"Ново-Савиновский район","МБОУ \"Гимназия №107\"","Москалева","С.","Ю.","ж",10,10,65,100,"призер","Галиев Инзиль Илфакович","МБОУ \"Гимназия №107 Открытие\""]
[420,"Московский район","МБОУ \"Татарская гимназия №2 при КФУ\"","Гадельшина","А.","Р.","ж",10,10,60.5,100,"призер","Исхакова Алия Эдуардовна","МБОУ \"Татарская гимназия №2 при КФУ\""]
[421,"Советский район","МБОУ \"Многопрофильный лицей №187\"","Шайхетдинов","А.","Р.","м",10,10,60,100,"призер","Файзуллина Альбина Маликовна","МБОУ \"Многопрофильный лицей №187\""]
[422,"Вахитовский район","МБОУ \"Школа №80 имени Каюма Насыри\"","Набиева","Э.","Т.","ж",10,10,60,100,"призер","Ахметов Ришат Рафитович","МБОУ \"Школа №80 им.К.Насыри\""]
[423,"Приволжский район","АНОО  \"Академия БС\"","Фаттахова","С.","Т.","ж",10,10,59.5,100,"призер","Казакова Карина Николаевна","АНОО \"Академия Бала-Сити (Город детей)\""]
[424,"Советский район","МБОУ \"Лицей №185\"","Артемьев","М.","А.","м",10,10,58,100,"призер","Петрова Татьяна Анатольевна","Лицей № 185"]
[425,"Приволжский район","МБОУ \"Лицей №78 \"Фарватер\"","Тихонова","Ю.","И.","ж",10,10,54,100,"призер","Смолярова Ольга Владимировна","МБОУ \"Лицей № 78 \"Фарватер\" Приволжского района г.Казани"]
[426,"Вахитовский район","МАОУ СОШИ \"СОлНЦе\"","Кагирова","К.","И.","ж",10,10,53,100,"призер","Латыпов Азат Ринатович","МАОУ СОШИ \"СОлНЦе\""]
[427,"Авиастроительный район","МБОУ \"Гимназия №36\"","Мингалеева","Д.","И.","ж",10,10,52,100,"призер","Рудовская Татьяна Геннадьевна","МБОУ «Гимназия №36» Авиастроительного района г.Казани"]
[428,"Советский район","МБОУ \"Гимназия №90\"","Мухаметшина","М.","Р.","ж",10,10,52,100,"призер","Михайлова Тамара Борисовна","МБОУ \"Гимназия № 90\" Советского района г. Казани"]
[429,"Советский район","МБОУ \"Школа №15\"","Зарицкий","М.","А.","м",10,10,50,100,"призер","Филатов Иван Александрович","МБОУ \"Школа 15\""]
[430,"Вахитовский район","МБОУ \"Школа №13\"","Халилова","Х.","Х. к.","ж",10,10,49,100,"участник","Каллаур А.А.","МБОУ \"Школа №13\""]
[431,"Вахитовский район","ГБОУ \"ККШИ им. Героя Советского Союза Б.К. Кузнецова\"","Чайдаков","Э.","В.","м",10,10,48,100,"участник","Афанасьев Владимир Юрьевич","ГБОУ \"Казанская кадетская школа-интернат им. Б.К. Кузнецова\""]
[432,"Вахитовский район","МАОУ \"Школа №39\"","Торопчина","Ч.","Н.","ж",10,10,47.5,100,"участник","Харитонова Екатерина Сергеевна","МАОУ \"Школа №39\""]
[433,"Кировский район","МБОУ \"Гимназия №4\"","Григорьева","П.","П.","ж",10,10,47,100,"участник","Гайнутдинова Ильмира Альбертовна","МБОУ \"Гимназия №4\""]
[434,"Советский район","МБОУ \"Гимназия №125\"","Матевосян","М.","Э.","ж",10,10,45.5,100,"участник","Патранина Татьяна Ивановна","МБОУ \"Гимназия №125\""]
[435,"Вахитовский район","МАОУ \"Школа №18\"","Крылов","А.","Р.","м",10,10,44,100,"участник","Бухарина Ирина Владимировна","МАОУ \"школа№18\""]
[436,"Авиастроительный район","МАОУ \"Гимназия №37\"","Павлов","Е.","М.","м",10,10,41,100,"участник","Гилманов Данис Ильдусович","МАОУ «Гимназия №37»"]
[437,"Ново-Савиновский район","МБОУ \"Гимназия №179-центр образования\"","Филлипов","А.","Е.","м",10,10,40,100,"участник","Ельцова Наталья Викторовна","\"Гимназия №179 - центр образования\""]
[438,"Вахитовский район","ФГКОУ \"Казанское суворовское военное училище\"","Репняков","Б.","Д.","м",10,10,40,100,"участник","Чудинова Гулия Зариповна","ФГКОУ \"Казанское суворовское военное училище МО РФ\""]
[439,"Приволжский район","МБОУ \"Лицей №186-\"Перспектива\"","Тарасов","Я.","А.","м",10,10,37.5,100,"участник","Бастракова Ирина Владимировна","МБОУ \"Лицей № 186 \"Перспектива\" г.Казани"]
[440,"Ново-Савиновский район","ГАОУ \"Адымнар - Казань\" (ул. А.Бичурина)","Жарова","К.","Н.","ж",10,10,36.5,100,"участник","Крутикова Светлана Игорьевна","ГАОУ\"Адымнар-Казань\""]
[441,"Ново-Савиновский район","МБОУ \"Гимназия №13\"","Гильмеев","Т.","А.","м",10,10,36,100,"участник","Низамова Лилия Габделхалимовна","МБОУ \"Гимназия № 13 с татарским языком обучения\" Ново-Савиновского района г. Казани"]
[442,"Московский район","МБОУ \"Гимназия №102 имени М.С.Устиновой\"","Ахметзянов","А.","Т.","м",10,10,35.5,100,"участник","Щербакова Татьяна Михайловна","МБОУ \"Гимназия №102 имени М.С.Устиновой\" Московского района г.Казани"]
[443,"Советский район","МБОУ \"Многопрофильная полилингвальная гимназия №180\"","Абуляйла","Р.","Х.","м",10,10,35.5,100,"участник","Михайлова Елена Павловна","МБОУ \"Многопрофильная полилингвальная №180\""]
[444,"Вахитовский район","МБОУ \"Гимназия №27\"","Исхаков","А.","И.","м",10,10,34.5,100,"участник","Фахрутдинова Файруза Раефовна","МБОУ \"Гимназия №27\""]
[445,"Авиастроительный район","МБОУ \"Гимназия №33\"","Фаляхова","К.","М.","ж",10,10,34,100,"участник","Нуруллина Эльмира Рафиковна","МБОУ \"Гимназия №33\" Авиастроительного района г.Казани"]
[446,"Вахитовский район","ФГКОУ \"Казанское суворовское военное училище\"","Шигапов","А.","Ф.","м",10,10,33.5,100,"участник","Чудинова Гулия Зариповна","ФГКОУ \"Казанское суворовское военное училище МО РФ\""]
[447,"Приволжский район","МБОУ \"Лицей №186-\"Перспектива\"","Гимадеев","Д.","Р.","м",10,10,33,100,"участник","Бастракова Ирина Владимировна","МБОУ \"Лицей № 186 \"Перспектива\" г.Казани"]
[448,"Ново-Савиновский район","МБОУ \"Гимназия №107\"","Ишкулов","И.","И.","м",10,10,32.5,100,"участник","Галиев Инзиль Илфакович","МБОУ \"Гимназия №107 Открытие\""]
[449,"Вахитовский район","ФГКОУ \"Казанское суворовское военное училище\"","Федоров","К.","Г.","м",10,10,32,100,"участник","Чудинова Гулия Зариповна","ФГКОУ \"Казанское суворовское военное училище МО РФ\""]
[450,"Ново-Савиновский район","МБОУ \"Гимназия №179-центр образования\"","Жарахина","С.","С.","ж",10,10,31.5,100,"участник","Ельцова Наталья Викторовна","\"Гимназия №179 - центр образования\""]
[451,"Вахитовский район","МБОУ \"Гимназия №96\"","Синельников","П.","А.","м",10,10,31.5,100,"участник","Семёнова Вероника Васильевна","МБОУ Гимназия №96"]
[452,"Советский район","МБОУ \"Гимназия №183\"","Панова","П.","С.","ж",10,10,31,100,"участник","Сафин Марат Мунирович","МБОУ \"Гимназия№183\" Советского района г.Казани"]
[453,"Вахитовский район","СОШИ \"Лицей имени Н.И.Лобачевского\" КФУ","Захаров","А.","В.","ж",10,10,31,100,"участник","Фаткуллина Амина Наилевна","СОШИ \"Лицей имени Н.И.Лобачевского\" КФУ"]
[454,"Ново-Савиновский район","МБОУ \"Школа №103\"","Фаезов","К.","И.","м",10,10,30.5,100,"участник","Хакимова Эльмира Зуфаровна","МБОУ \"Школа №103\""]
[455,"Приволжский район","МБОУ \"Школа №129\"","Бикметов","Д.","Р.","м",10,10,30.5,100,"участник","Олексенко Ольга Александровна","МБОУ \"Школа№129\""]
[456,"Вахитовский район","ФГКОУ \"Казанское суворовское военное училище\"","Юсупов","Т.","А.","м",10,10,30.5,100,"участник","Чудинова Гулия Зариповна","ФГКОУ \"Казанское суворовское военное училище МО РФ\""]
[457,"Московский район","МБОУ \"Школа №34\"","Кадыров","Б.","А.","м",10,10,30,100,"участник","Лебедева Оксана Валерьевна","МБОУ \"Средняя общеобразовательная татарско-русская школа № 34\""]
[458,"Московский район","МБОУ \"Гимназия № 122 имени Ж.А.Зайцевой\"","Загидуллина","С.","Э.","ж",10,10,29.5,100,"участник","Галихина Ляля Раисовна","МБОУ Гимназия №122 имени Ж.А.Зайцевой"]
[459,"Ново-Савиновский район","МБОУ \"Школа №71\"","Ильенко","В.","А.","ж",10,10,29,100,"участник","Сагдиева Римма Фаридовна","МБОУ \"Школа №71\" г.Казани"]
[460,"Московский район","МБОУ \"Гимназия №12 имени Ф.Г.Аитовой\"","Каримуллина","Д.","Ф.","ж",10,10,29,100,"участник","Шувалова Елена Михайловна","МБОУ \"Гимназия №12 им. Ф.Г. Аитовой с татарским языком обучения\""]
[461,"Кировский район","МБОУ \"Лицей №182\"","Закирзянова","З.","Р.","ж",10,10,29,100,"участник","Шаймитова Лиана Ильнуровна","МБОУ \"Лицей №182\""]
[462,"Московский район","МБОУ \"Школа №64\"","Семагин","К.","А.","м",10,10,29,100,"участник","Галиева Мадина Анваровна","МБОУ \"Школа № 64\""]
[463,"Приволжский район","МБОУ \"Гимназия №16\"","Галимзянов","А.","Р.","м",10,10,29,100,"участник","Хабирова Айгуль Азхаровна","МБОУ \"Татаро-английская гимназия №16\""]
[464,"Ново-Савиновский район","МБОУ \"Лицей №23\"","Васильева","С.","Т.","м",10,10,28.5,100,"участник","Мустафина Айгуль Фагимовна","МБОУ \"Лицей №23\" г. Казани"]
[465,"Московский район","МБОУ \"Гимназия № 122 имени Ж.А.Зайцевой\"","Садыкова","С.","А.","ж",10,10,28.5,100,"участник","Галихина Ляля Раисовна","МБОУ Гимназия №122 имени Ж.А.Зайцевой"]
[466,"Вахитовский район","ФГКОУ \"Казанское суворовское военное училище\"","Барбарин","Т.","А.","м",10,10,28.5,100,"участник","Чудинова Гулия Зариповна","ФГКОУ \"Казанское суворовское военное училище МО РФ\""]
[467,"Ново-Савиновский район","ГАОУ \"Адымнар - Казань\" (ул. А.Бичурина)","Фатхулов","А.","А.","м",10,10,27.5,100,"участник","Крутикова Светлана Игорьевна","ГАОУ\"Адымнар-Казань\""]
[468,"Московский район","МАОУ \"Лицей-интернат №2\"","Хайрутдинов","Х.","И.","м",10,10,27,100,"участник","Лазарев Юрий Юрьевич","МАОУ \"Лицей-интернат №2\" Московского района г.Казани"]
[469,"Московский район","МБОУ \"Школа №87\"","Леонтьев","И.","Д.","м",10,10,27,100,"участник","Халимова Диана Ильгизовна","МБОУ \"Школа №87\""]
[470,"Советский район","МБОУ \"Школа №144\"","Гафаров","Э.","А.","м",10,10,27,100,"участник","Гришина Эльвира Сулеймановна","МБОУ \"Школа№144\""]
[471,"Вахитовский район","МБОУ \"Школа №13\"","Ахмедова","Н.","С. к.","ж",10,10,27,100,"участник","Каллаур А.А.","МБОУ \"Школа №13\""]
[472,"Ново-Савиновский район","МАОУ \"Лицей №146 \"Ресурс\"","Замалеев","С.","А.","м",10,10,26.5,100,"участник","Дусталева Гузель Албиртовна","МАОУ \"Лицей № 146 \"Ресурс\""]
[473,"Кировский район","МБОУ \"Школа №70\"","Демьяненко","Н.","В.","м",10,10,25.5,100,"участник","Шишков Алексей Иванович","Муниципальное бюджетное общеобразовательное учреждение \"Средняя общеобразовательная школа № 70 с углубленным изучением отдельных предметов\" Кировского района г.Казани"]
[474,"Вахитовский район","МБОУ \"Школа №13\"","Ахмадуллина","З.","Г.","ж",10,10,25.5,100,"участник","Каллаур А.А.","МБОУ \"Школа №13\""]
[475,"Приволжский район","МБОУ \"Лицей №78 \"Фарватер\"","Галлямова","З.","И.","ж",10,10,25,100,"участник","Смолярова Ольга Владимировна","МБОУ \"Лицей № 78 \"Фарватер\" Приволжского района г.Казани"]
[476,"Советский район","МБОУ \"Гимназия №125\"","Султанова","А.","Л.","ж",10,10,24,100,"участник","Патранина Татьяна Ивановна","МБОУ \"Гимназия №125\""]
[477,"Московский район","МБОУ \"Татарская гимназия №2 при КФУ\"","Миннеханова","Р.","Р.","ж",10,10,23,100,"участник","Нурахметова Эвелина Ильгизовна","МБОУ \"Татарская гимназия №2 при КФУ\""]
[478,"Советский район","МБОУ \"Лицей №159 имени С.Х.Загидуллиной\"","Фирулев","К.","Д.","м",10,10,23,100,"участник","Валишина Дина Шамилевна","МБОУ \"Лицей № 159 им.С.Х.Загидуллиной\""]
[479,"Советский район","МАОУ \"Лицей - инженерный центр\"","Юсупов","К.","Н.","м",10,10,23,100,"участник","Файзуллин Д.Р.","МАОУ «Лицей - инженерный центр»"]
[480,"Московский район","МБОУ \"Гимназия № 122 имени Ж.А.Зайцевой\"","Старшинов","М.","В.","м",10,10,22.5,100,"участник","Галихина Ляля Раисовна","МБОУ Гимназия №122 имени Ж.А.Зайцевой"]
[481,"Приволжский район","МБОУ \"Лицей №78 \"Фарватер\"","Гиниятуллина","Р.","И.","ж",10,10,22.5,100,"участник","Смолярова Ольга Владимировна","МБОУ \"Лицей № 78 \"Фарватер\" Приволжского района г.Казани"]
[482,"Приволжский район","АНОО \"Международная школа Казани\"","Бондарь","А.","А.","м",10,10,22.5,100,"участник","Вишневский Тимур Дмитриевич","АНОО \"Международная школа Казани\""]
[483,"Московский район","МБОУ \"Татарская гимназия №2 при КФУ\"","Шайдуллина","А.","Р.","ж",10,10,22,100,"участник","Нурахметова Эвелина Ильгизовна","МБОУ \"Татарская гимназия №2 при КФУ\""]
[484,"Советский район","МБОУ \"Школа №156\"","Лукьянов","Д.","О.","м",10,10,22,100,"участник","Гайниева Альсина Рамилевна","МБОУ \"Школа №156\""]
[485,"Приволжский район","МБОУ \"Школа №129\"","Насыбуллина","К.","М.","ж",10,10,22,100,"участник","Олексенко Ольга Александровна","МБОУ \"Школа№129\""]
[486,"Советский район","МБОУ \"Гимназия №90\"","Хабибуллин","С.","Ф.","м",10,10,20.5,100,"участник","Михайлова Тамара Борисовна","МБОУ \"Гимназия № 90\" Советского района г. Казани"]
[487,"Советский район","МАОУ \"Лицей - инженерный центр\"","Корнев","А.","М.","м",10,10,20,100,"участник","Файзуллин Д.Р.","МАОУ «Лицей - инженерный центр»"]
[488,"Вахитовский район","ФГКОУ \"Казанское суворовское военное училище\"","Федоров","К.","Г.","м",10,10,20,100,"участник","Чудинова Гулия Зариповна","ФГКОУ \"Казанское суворовское военное училище МО РФ\""]
[489,"Советский район","МБОУ \"Гимназия №183\"","Абязов","А.","А.","м",10,10,19.5,100,"участник","Сафин Марат Мунирович","МБОУ \"Гимназия№183\" Советского района г.Казани"]
[490,"Ново-Савиновский район","МБОУ \"Лицей №23\"","Ахтарова","С.","М.","ж",10,10,19,100,"участник","Мустафина Айгуль Фагимовна","МБОУ \"Лицей №23\" г. Казани"]
[491,"Ново-Савиновский район","МБОУ \"Лицей №23\"","Гафурова","Д.","А.","ж",10,10,19,100,"участник","Мустафина Айгуль Фагимовна","МБОУ \"Лицей №23\" г. Казани"]
[492,"Кировский район","МБОУ \"Школа №151\"","Яруллин","М.","И.","м",10,10,19,100,"участник","Тимофеева Наталья Владимировна","МБОУ \"Средняя школа № 151\""]
[493,"Кировский район","МБОУ \"Школа №70\"","Газизов","Ш.","Р.","м",10,10,19,100,"участник","Шишков Алексей Иванович","Муниципальное бюджетное общеобразовательное учреждение \"Средняя общеобразовательная школа № 70 с углубленным изучением отдельных предметов\" Кировского района г.Казани"]
[494,"Советский район","МБОУ \"Многопрофильный лицей №187\"","Шайдуллина","А.","А.","ж",10,10,19,100,"участник","Файзуллина Альбина Маликовна","МБОУ \"Многопрофильный лицей №187\""]
[495,"Московский район","МБОУ \"Гимназия № 122 имени Ж.А.Зайцевой\"","Спиридонов","М.","И.","м",10,10,18.5,100,"участник","Галихина Ляля Раисовна","МБОУ Гимназия №122 имени Ж.А.Зайцевой"]
[496,"Советский район","МБОУ \"Гимназия №8 - Центр образования\"","Миндубаев","Э.","Р.","м",11,10,18,100,"участник","Гирфанутдинова Наталья Михайловна","МБОУ \"Гимназия №8-Центр Образования\" Советского района г.Казани"]
[497,"Ново-Савиновский район","МБОУ \"Гимназия №107\"","Тихонова","К.","Н.","ж",10,10,18,100,"участник","Галиев Инзиль Илфакович","МБОУ \"Гимназия №107 Открытие\""]
[498,"Кировский район","МБОУ \"Школа №151\"","Салахова","К.","И.","ж",10,10,18,100,"участник","Тимофеева Наталья Владимировна","МБОУ \"Средняя школа № 151\""]
[499,"Советский район","МБОУ \"Лицей №110\"","Кладиева","А.","А.","ж",10,10,18,100,"участник","Ташулатова Елена Вадимовна","МБОУ \"Лицей №110\""]
[500,"Кировский район","МБОУ \"Лицей №182\"","Пустынников","Г.","С.","м",10,10,17.5,100,"участник","Шаймитова Лиана Ильнуровна","МБОУ \"Лицей №182\""]
[501,"Московский район","МБОУ \"Школа №34\"","Сагдиев","З.","Н.","м",10,10,17.5,100,"участник","Лебедева Оксана Валерьевна","МБОУ \"Средняя общеобразовательная татарско-русская школа № 34\""]
[502,"Кировский район","МБОУ \"Школа №57\"","Вахитов","С.","А.","м",10,10,17.5,100,"участник","Варфоломеева Зоя Владимировна","МБОУ \"Школа № 57\""]
[503,"Кировский район","МБОУ \"Лицей №182\"","Хайруллин","Н.","А.","м",10,10,17,100,"участник","Сафаралиева Мадина Руслановна","МБОУ \"Лицей №182\""]
[504,"Авиастроительный район","МБОУ \"Лицей №145\"","Шебашова","К.","С.","ж",10,10,16.5,100,"участник","Фомина Евгения Александровна","МБОУ \"Лицей №145\""]
[505,"Авиастроительный район","МБОУ \"Школа №54\"","Гаврилова","А.","Е.","ж",10,10,16.5,100,"участник","Гараева Елена Ураловна","МБОУ \"Школа № 54\""]
[506,"Вахитовский район","МБОУ \"Гимназия №28\"","Король","Е.","А.","ж",10,10,16.5,100,"участник","Смагина Иннеса Валерьяновна","МБОУ \"Гимназия 28\" Вахитовского района г. Казани"]
[507,"Московский район","МБОУ \"Школа №87\"","Славин","А.","Г.","м",10,10,16,100,"участник","Халимова Диана Ильгизовна","МБОУ \"Школа №87\""]
[508,"Советский район","МБОУ \"Гимназия №125\"","Павлова","Э.","Л.","ж",10,10,16,100,"участник","Патранина Татьяна Ивановна","МБОУ \"Гимназия №125\""]
[509,"Вахитовский район","МБОУ \"Гимназия №28\"","Доминов","А.","А.","м",10,10,16,100,"участник","Смагина Иннеса Валерьяновна","МБОУ \"Гимназия 28\" Вахитовского района г. Казани"]
[510,"Авиастроительный район","МБОУ \"Лицей №145\"","Карпова","Д.","А.","ж",10,10,15,100,"участник","Фомина Евгения Александровна","МБОУ \"Лицей №145\""]
[511,"Московский район","МБОУ \"Школа №55\"","Альмухаметов","К.","Р.","м",10,10,15,100,"участник","Фатхеева Алена Валерьевна","МБОУ \"Школа № 55\""]
[512,"Московский район","МАОУ \"Лицей-интернат №2\"","Муртазин","Р.","Б.","м",10,10,15,100,"участник","Лазарев Юрий Юрьевич","МАОУ \"Лицей-интернат №2\" Московского района г.Казани"]
[513,"Советский район","МБОУ \"Лицей №110\"","Силаева","Е.","А.","ж",10,10,15,100,"участник","Ташулатова Елена Вадимовна","МБОУ \"Лицей №110\""]
[514,"Приволжский район","МБОУ \"Школа №68\"","Моисеева","А.","К.","ж",10,10,15,100,"участник","Шарафиева Ильсия Амировна","МБОУ \"Школа 68\""]
[515,"Ново-Савиновский район","МБОУ \"Школа №71\"","Идрисов","Р.","И.","м",10,10,14.5,100,"участник","Сагдиева Римма Фаридовна","МБОУ \"Школа №71\" г.Казани"]
[516,"Ново-Савиновский район","МБОУ \"Гимназия №107\"","Власов","Д.","М.","м",10,10,14,100,"участник","Галиев Инзиль Илфакович","МБОУ \"Гимназия №107 Открытие\""]
[517,"Кировский район","МБОУ \"Гимназия №4\"","Булатова","Р.","Н.","ж",10,10,14,100,"участник","Гайнутдинова Ильмира Альбертовна","МБОУ \"Гимназия №4\""]
[518,"Приволжский район","МБОУ \"Школа №127\"","Бажанова","М.","В.","ж",10,10,14,100,"участник","Фазлуллина Алина Ренатовна","МБОУ №127"]
[519,"Ново-Савиновский район","МБОУ \"Лицей №23\"","Бармина","Ю.","В.","ж",10,10,13,100,"участник","Мустафина Айгуль Фагимовна","МБОУ \"Лицей №23\" г. Казани"]
[520,"Кировский район","МБОУ \"Лицей №182\"","Хабиров","В.","Р.","м",10,10,13,100,"участник","Шаймитова Лиана Ильнуровна","МБОУ \"Лицей №182\""]
[521,"Кировский район","МБОУ \"Школа №151\"","Хрисанов","Е.","А.","м",10,10,12.5,100,"участник","Тимофеева Наталья Владимировна","МБОУ \"Средняя школа № 151\""]
[522,"Кировский район","МБОУ \"Школа №151\"","Фаррахова","Д.","Р.","ж",10,10,12,100,"участник","Тимофеева Наталья Владимировна","МБОУ \"Средняя школа № 151\""]
[523,"Приволжский район","МБОУ \"Лицей №83-Центр образования\"","Солнцев","В.","П.","м",10,10,12,100,"участник","Гилязова Наиля Рашитовна","МБОУ \"Лицей №83-ЦО\""]
[524,"Приволжский район","МБОУ \"Школа №10\"","Ахмадишина","Д.","Д.","ж",10,10,12,100,"участник","Караметдинова Розалия Файзелхаковна","МБОУ \"Школа №10\""]
[525,"Приволжский район","МБОУ \"Школа №97\"","Ельшевский","И.","Д.","м",10,10,12,100,"участник","Тюгаев Ильяс Асиятович","МБОУ \"Школа \"97\" Приволжского района г. Казани"]
[526,"Московский район","МБОУ \"Татарская гимназия №2 при КФУ\"","Нигметзянов","Б.","И.","м",10,10,11,100,"участник","Нурахметова Эвелина Ильгизовна","МБОУ \"Татарская гимназия №2 при КФУ\""]
[527,"Советский район","МБОУ \"Школа №15\"","Плюснин","А.","И.","м",10,10,11,100,"участник","Филатов Иван Александрович","МБОУ \"Школа 15\""]
[528,"Ново-Савиновский район","МБОУ \"Школа №71\"","Бекбаев","С.","Р.","м",10,10,10.5,100,"участник","Сагдиева Римма Фаридовна","МБОУ \"Школа №71\" г.Казани"]
[529,"Кировский район","МБОУ \"Лицей №182\"","Хамитова","А.","А.","ж",10,10,10.5,100,"участник","Шаймитова Лиана Ильнуровна","МБОУ \"Лицей №182\""]
[530,"Авиастроительный район","МБОУ \"Лицей №145\"","Рахматуллин","А.","М.","м",10,10,10,100,"участник","Садиков Ирек Ильдарович","МБОУ \"Лицей №145\""]
[531,"Ново-Савиновский район","МБОУ \"Гимназия №13\"","Хадиев","И.","И.","м",10,10,10,100,"участник","Низамова Лилия Габделхалимовна","МБОУ \"Гимназия № 13 с татарским языком обучения\" Ново-Савиновского района г. Казани"]
[532,"Кировский район","МБОУ \"Татарская гимназия №15\"","Удалов","И.","Д.","м",10,10,10,100,"участник","Сагдиева Феруза Идрисовна","МБОУ \"Татарская гимназия №15\""]
[533,"Ново-Савиновский район","МБОУ \"Лицей №23\"","Салаватов","А.","А.","м",10,10,9,100,"участник","Мустафина Айгуль Фагимовна","МБОУ \"Лицей №23\" г. Казани"]
[534,"Московский район","МБОУ \"Гимназия №12 имени Ф.Г.Аитовой\"","Зябирова","Я.","И.","ж",10,10,9,100,"участник","Шувалова Елена Михайловна","МБОУ \"Гимназия №12 им. Ф.Г. Аитовой с татарским языком обучения\""]
[535,"Московский район","МБОУ \"Школа №87\"","Гимадиева","С.","Р.","ж",10,10,9,100,"участник","Халимова Диана Ильгизовна","МБОУ \"Школа №87\""]
[536,"Советский район","МБОУ \"Гимназия №183\"","Хакимуллин","С.","А.","м",10,10,9,100,"участник","Сафин Марат Мунирович","МБОУ \"Гимназия№183\" Советского района г.Казани"]
[537,"Вахитовский район","МБОУ \"Школа №80 имени Каюма Насыри\"","Кузяхметова","Л.","И.","ж",10,10,9,100,"участник","Ахметов Ришат Рафитович","МБОУ \"Школа №80 им.К.Насыри\""]
[538,"Приволжский район","МБОУ \"Школа №97\"","Махринская","М.","Н.","ж",10,10,7.5,100,"участник","Тюгаев Ильяс Асиятович","МБОУ \"Школа \"97\" Приволжского района г. Казани"]
[539,"Кировский район","МБОУ \"Школа №151\"","Сибатова","С.","И.","ж",10,10,7,100,"участник","Тимофеева Наталья Владимировна","МБОУ \"Средняя школа № 151\""]
[540,"Советский район","МБОУ \"Лицей №110\"","Моисеев","Н.","К.","м",10,10,7,100,"участник","Ташулатова Елена Вадимовна","МБОУ \"Лицей №110\""]
[541,"Советский район","МБОУ \"Лицей №110\"","Нечаев","Р.","С.","м",10,10,7,100,"участник","Ташулатова Елена Вадимовна","МБОУ \"Лицей №110\""]
[542,"Советский район","МБОУ \"Лицей №110\"","Абдурахманов","А.","А.","м",10,10,7,100,"участник","Ташулатова Елена Вадимовна","МБОУ \"Лицей №110\""]
[543,"Авиастроительный район","МАОУ \"Гимназия №37\"","Трофимова","С.","А.","ж",10,10,6.5,100,"участник","Гилманов Данис Ильдусович","МАОУ «Гимназия №37»"]
[544,"Кировский район","МБОУ \"Гимназия №4\"","Кострюков","Д.","М.","м",10,10,6,100,"участник","Гайнутдинова Ильмира Альбертовна","МБОУ \"Гимназия №4\""]
[545,"Советский район","МБОУ \"Гимназия №20 имени Абдуллы Алиша\"","Файзуллин","Р.","М.","м",10,10,6,100,"участник","Закирова Азалина Азатовна","МБОУ \"Гимназия № 20 имени Абдуллы Алиша\""]
[546,"Советский район","МБОУ \"Гимназия №183\"","Галиуллин","А.","А.","м",10,10,6,100,"участник","Сафин Марат Мунирович","МБОУ \"Гимназия№183\" Советского района г.Казани"]
[547,"Приволжский район","МБОУ \"Многопрофильный лицей №133\"","Газизов","А.","Р.","м",10,10,6,100,"участник","Гордеева Екатерина Алексеевна","МБОУ \"Лицей №133\""]
[548,"Ново-Савиновский район","МБОУ \"Школа №71\"","Колочкова","Е.","Д.","ж",10,10,4,100,"участник","Сагдиева Римма Фаридовна","МБОУ \"Школа №71\" г.Казани"]
[549,"Московский район","МАОУ \"Лицей-интернат №2\"","Низамутдинов","А.","А.","м",11,11,87.5,100,"Победитель","Лазарев Юрий Юрьевич","МАОУ \"Лицей-интернат №2\" Московского района г.Казани"]
[550,"Кировский район","МБОУ \"Гимназия №152\"","Сагдиев","Р.","И.","м",11,11,83,100,"призер","Никишина Е.Ю.","МБОУ \"Гимназия №152\""]
[551,"Советский район","МБОУ \"Лицей №159 имени С.Х.Загидуллиной\"","Майкова","Е.","Д.","ж",11,11,83,100,"призер","Ештокина Елена Владимировна","МБОУ \"Лицей № 159 им.С.Х.Загидуллиной\""]
[552,"Ново-Савиновский район","МАОУ \"Лицей №146 \"Ресурс\"","Якупов","Х.","И.","м",11,11,77.5,100,"призер","Халиуллина Резеда Рашидовна","МАОУ \"Лицей № 146 \"Ресурс\""]
[553,"Московский район","МАОУ \"Лицей-интернат №2\"","Сингатуллин","Д.","И.","м",11,11,77.5,100,"призер","Мухин Владимир Игоревич","МАОУ \"Лицей-интернат №2\" Московского района г.Казани"]
[554,"Вахитовский район","МАОУ СОШИ \"СОлНЦе\"","Стебнева","М.","А.","ж",11,11,70.5,100,"призер","Федосеев Андрей Васильевич","МАОУ СОШИ \"СОлНЦе\""]
[555,"Вахитовский район","МБОУ \"Гимназия №96\"","Соколова","Д.","А.","ж",11,11,70,100,"призер","Гиниатуллина Венера Ильдаровна","МБОУ Гимназия №96"]
[556,"Ново-Савиновский район","МАОУ \"Лицей №146 \"Ресурс\"","Валеев","А.","А.","м",11,11,66.5,100,"призер","Халиуллина Резеда Рашидовна","МАОУ \"Лицей № 146 \"Ресурс\""]
[557,"Вахитовский район","МАОУ \"Школа №39\"","Астапкович","А.","С.","м",11,11,65,100,"призер","Скокова Елена Степановна","МАОУ \"Школа №39\""]
[558,"Приволжский район","МБОУ \"Гимназия №52\"","Катина","С.","В.","ж",11,11,65,100,"призер","Унжакова Ольга Анатольевна","МБОУ \"Гимназия №52\" Приволжского района г.Казани"]
[559,"Ново-Савиновский район","МАОУ \"Лицей-интернат №7\"","Гараев","И.","Р.","м",11,11,63,100,"призер","Столяров Алексей Михайлович","МАОУ \"Лицей-интернат №7\" Ново-Савиновского района г. Казани"]
[560,"Советский район","МБОУ \"Многопрофильный лицей №187\"","Исмагилов","Н.","И.","м",11,11,61.5,100,"призер","Файзуллина Альбина Маликовна","МБОУ \"Многопрофильный лицей №187\""]
[561,"Московский район","МБОУ \"Гимназия №102 имени М.С.Устиновой\"","Гареев","А.","Р.","м",11,11,61,100,"призер","Варфоломеев Андрей Николаевич","МБОУ \"Гимназия №102 имени М.С.Устиновой\" Московского района г.Казани"]
[562,"Советский район","МБОУ \"Школа №15\"","Горюнов","А.","С.","м",11,11,58.5,100,"призер","Сафиуллова Лейля Фаритовна","МБОУ \"Школа 15\""]
[563,"Московский район","Школа \"Елена-Сервис\"","Шигабутдинова","Д.","Р.","ж",11,11,58,100,"призер","Сабирова Гульнара Сабитовна","ЧОУ СОШ \"Елена - Сервис\""]
[564,"Ново-Савиновский район","МБОУ \"Школа №49\"","Юткин","А.","В.","м",11,11,55,100,"призер","Киселева Н.Н.","МБОУ \"Школа №49\""]
[565,"Московский район","МАОУ \"Лицей-интернат №2\"","Стоялов","С.","А.","м",11,11,53.5,100,"призер","Лазарев Юрий Юрьевич","МАОУ \"Лицей-интернат №2\" Московского района г.Казани"]
[566,"Кировский район","МБОУ \"Лицей №182\"","Хаертдинова","Э.","Р.","ж",11,11,53.5,100,"призер","Кудрявцева Марина Васильевна","МБОУ \"Лицей №182\""]
[567,"Вахитовский район","СОШИ \"Лицей имени Н.И.Лобачевского\" КФУ","Гатиятуллин","А.","Р.","ж",11,11,53.5,100,"призер","Билалова Дина Султановна","СОШИ \"Лицей имени Н.И.Лобачевского\" КФУ"]
[568,"Ново-Савиновский район","МАОУ \"Лицей-интернат №7\"","Шафиев","З.","А.","м",11,11,53,100,"призер","Столяров Алексей Михайлович","МАОУ \"Лицей-интернат №7\" Ново-Савиновского района г. Казани"]
[569,"Советский район","МБОУ \"Гимназия №90\"","Хасанзянов","А.","А.","м",11,11,52.5,100,"призер","Михайлова Тамара Борисовна","МБОУ \"Гимназия № 90\" Советского района г. Казани"]
[570,"Советский район","МБОУ \"Гимназия №93 имени А.С.Пушкина\"","Иванова","Д.","А.","ж",11,11,50,100,"призер","Фалеева Лидия Григорьевна","МБОУ \"Гимназия №93 имени А.С.Пушкина\""]
[571,"Кировский район","МБОУ \"Лицей №182\"","Залялеева","А.","И.","ж",11,11,49,100,"участник","Сафаралиева Мадина Руслановна","МБОУ \"Лицей №182\""]
[572,"Приволжский район","МБОУ \"Гимназия №16\"","Тазиев","Р.","Р.","м",11,11,46,100,"участник","Хайрутдинова Гульфия Нуховна","МБОУ \"Татаро-английская гимназия №16\""]
[573,"Советский район","МБОУ \"Гимназия №93 имени А.С.Пушкина\"","Асташкина","К.","А.","ж",11,11,45,100,"участник","Фалеева Лидия Григорьевна","МБОУ \"Гимназия №93 имени А.С.Пушкина\""]
[574,"Ново-Савиновский район","МБОУ \"Лицей №23\"","Мустафин","А.","Р.","м",11,11,44,100,"участник","Мустафина Айгуль Фагимовна","МБОУ \"Лицей №23\" г. Казани"]
[575,"Ново-Савиновский район","МБОУ \"Школа №43\"","Гулиева","Г.","А. к.","ж",11,11,43.5,100,"участник","Шаряфетдинова Гюльнара Ингильевна","МБОУ \"Школа № 43\""]
[576,"Вахитовский район","МБОУ \"Гимназия №96\"","Юнусов","Т.","С.","м",11,11,43,100,"участник","Семёнова Вероника Васильевна","МБОУ Гимназия №96"]
[577,"Кировский район","МБОУ \"Гимназия №3 с татарским языком обучения\"","Гайнуллина","А.","Н.","ж",11,11,42,100,"участник","Сагеев Марат Ильдарович","МБОУ \"Гимназия №3 с татарским языком обучения\" Кировского района"]
[578,"Советский район","МАОУ \"Лицей №121\"","Биккузин","К.","О.","м",11,11,42,100,"участник","Амадуллин Шамиль Ильнурович","МАОУ \"Лицей №121\""]
[579,"Советский район","МАОУ \"Гимназия №141\"","Максимова","В.","А.","ж",11,11,42,100,"участник","Идиятова Алена Валерьевна","МАОУ «Гимназия №141»"]
[580,"Вахитовский район","ФГКОУ \"Казанское суворовское военное училище\"","Семагин","Е.","О.","м",11,11,42,100,"участник","Наумова Марина Леонидовна","ФГКОУ \"Казанское суворовское военное училище МО РФ\""]
[581,"Приволжский район","МАОУ \"Гимназия №139-Центр образования\"","Власов","М.","Ф.","м",11,11,42,100,"участник","Блохина Лилия Надировна","МАОУ \"Гимназия№139-Центр образования Приволжского района г. Казань"]
[582,"Вахитовский район","МБОУ \"Гимназия №3\"","Селиванова","К.","Р.","ж",11,11,41,100,"участник","Султанбеков Арслан Булатович","МБОУ \"Гимназия №3\" Вахитовского района г. Казань"]
[583,"Вахитовский район","МБОУ \"Школа №80 имени Каюма Насыри\"","Исрафилова","С.","А.","ж",11,11,41,100,"участник","Аскеров Вагиф Паша оглы","МБОУ \"Школа №80 им.К.Насыри\""]
[584,"Приволжский район","МБОУ \"Лицей №35\"","Хусаенов","Н.","А.","м",11,11,41,100,"участник","Силаева Елена Николаевна","МБОУ \"Лицей №35 - образовательный центр \"Галактика\""]
[585,"Приволжский район","МБОУ \"Лицей №186-\"Перспектива\"","Козулин","С.","Р.","м",11,11,41,100,"участник","Бастракова Ирина Владимировна","МБОУ \"Лицей № 186 \"Перспектива\" г.Казани"]
[586,"Советский район","МБОУ \"Многопрофильная полилингвальная гимназия №180\"","Фатыхова","К.","Р.","ж",11,11,39.5,100,"участник","Михайлова Елена Павловна","МБОУ \"Многопрофильная полилингвальная №180\""]
[587,"Советский район","МБОУ \"Школа №84\"","Султанова","З.","М.","ж",11,11,39.5,100,"участник","Батманова Гульнар Ильдаровна","МБОУ \"Школа №84\" Советского района г.Казани"]
[588,"Советский район","МБОУ \"Многопрофильная школа №181\"","Ибрагимова","Р.","Р.","ж",11,11,39,100,"участник","Кадиров Ринат Монирович","МБОУ \"Многопрофильная школа №181\""]
[589,"Советский район","МБОУ \"Школа №171\"","Музафарова","С.","М.","ж",11,11,37.5,100,"участник","Файзуллин Эмиль Равилевич","МБОУ \"Школа 171\""]
[590,"Ново-Савиновский район","МБОУ \"Школа №103\"","Хисамутдинова","К.","И.","ж",11,11,37,100,"участник","Преснова Наталья Геннадьевна","МБОУ \"Школа №103\""]
[591,"Советский район","МБОУ \"Гимназия №20 имени Абдуллы Алиша\"","Дмитриева","К.","А.","ж",11,11,36,100,"участник","Закирова Азалина Азатовна","МБОУ \"Гимназия № 20 имени Абдуллы Алиша\""]
[592,"Приволжский район","МБОУ \"Гимназия №52\"","Одиноков","Р.","А.","м",11,11,36,100,"участник","Унжакова Ольга Анатольевна","МБОУ \"Гимназия №52\" Приволжского района г.Казани"]
[593,"Советский район","МБОУ \"Гимназия №90\"","Бикчантаев","А.","П.","м",11,11,35.5,100,"участник","Михайлова Тамара Борисовна","МБОУ \"Гимназия № 90\" Советского района г. Казани"]
[594,"Приволжский район","МБОУ \"Гимназия №52\"","Масмалиев","Р.","Р. о.","м",11,11,35.5,100,"участник","Унжакова Ольга Анатольевна","МБОУ \"Гимназия №52\" Приволжского района г.Казани"]
[595,"Советский район","МБОУ \"Гимназия №90\"","Исмагилова","Р.","Р.","ж",11,11,35,100,"участник","Михайлова Тамара Борисовна","МБОУ \"Гимназия № 90\" Советского района г. Казани"]
[596,"Вахитовский район","МАОУ \"Школа №39\"","Белова","М.","С.","ж",11,11,35,100,"участник","Скокова Елена Степановна","МАОУ \"Школа №39\""]
[597,"Вахитовский район","МАОУ \"Школа №18\"","Абрамов","М.","А.","м",11,11,34.5,100,"участник","Бухарина Ирина Владимировна","МАОУ\"школа№18\""]
[598,"Московский район","МБОУ \"Гимназия № 122 имени Ж.А.Зайцевой\"","Пинчуков","М.","И.","м",11,11,34,100,"участник","Чайковская Светлана Валентиновна","МБОУ Гимназия №122 имени Ж.А.Зайцевой"]
[599,"Советский район","МБОУ \"Школа №167\"","Евдокимов","И.","А.","м",10,11,34,100,"участник","Макарова Светлана Анатольевна","МБОУ \"Средняя общеобразовательная школа №167 с углубленным изучением отдельных предметов\" Советского района г.Казани"]
[600,"Авиастроительный район","МБОУ \"Гимназия №33\"","Лазарева","Ю.","Н.","ж",11,11,33.5,100,"участник","Валиев Ильмар Ильдарович","МБОУ \"Гимназия №33\" Авиастроительного района г.Казани"]
[601,"Ново-Савиновский район","ГАОУ \"Адымнар - Казань\" (ул. А.Бичурина)","Фатыхов","Р.","Р.","м",11,11,32,100,"участник","Семененко Оксана Владимировна","ГАОУ\"Адымнар-Казань\""]
[602,"Ново-Савиновский район","МБОУ \"Школа №113\"","Хасанов","Р.","А.","м",11,11,31.5,100,"участник","Ямсков Сергей Геннадьевич","МБОУ \"Школа№113\""]
[603,"Ново-Савиновский район","МБОУ \"Гимназия №7\"","Иванов","Ф.","Р.","м",11,11,31.5,100,"участник","Мелехова Гульнара Ильдусовна","МБОУ \"Гимназия №7 им. Героя России Козина А.В.\""]
[604,"Московский район","МБОУ \"Гимназия № 122 имени Ж.А.Зайцевой\"","Давлетшин","С.","З.","м",11,11,31.5,100,"участник","Чайковская Светлана Валентиновна","МБОУ Гимназия №122 имени Ж.А.Зайцевой"]
[605,"Вахитовский район","МАОУ \"Школа №18\"","Бобров","А.","Л.","м",11,11,31.5,100,"участник","Бухарина Ирина Владимировна","МАОУ\"школа№18\""]
[606,"Московский район","МБОУ \"Гимназия №20 \"Гармония\"","Рахматуллин","Р.","Л.","м",11,11,31,100,"участник","Конышева Елена Валентиновна"]
[607,"Московский район","Школа \"Елена-Сервис\"","Шакирзянов","Т.","Р.","м",11,11,31,100,"участник","Сабирова Гульнара Сабитовна","ЧОУ СОШ \"Елена - Сервис\""]
[608,"Советский район","МБОУ \"Многопрофильная школа №181\"","Родина","А. ","Р.","ж",11,11,31,100,"участник","Кадиров Ринат Монирович","МБОУ \"Многопрофильная школа №181\""]
[609,"Приволжский район","МБОУ \"Школа №88\"","Титанаков","А.","С.","м",11,11,31,100,"участник","Гатауллина Диана Владимировна","МБОУ \"Школа №88\""]
[610,"Советский район","МБОУ \"Школа №169\"","Шигабиев","А.","И.","м",10,11,31,100,"участник","Кадырова Гузель Рафаэльевна","МБОУ \" Школа №169\""]
[611,"Приволжский район","МБОУ \"Школа №127\"","Гаязов","Э.","Р.","м",11,11,30.5,100,"участник","Фазлуллина Алина Ренатовна","МБОУ №127"]
[612,"Московский район","МБОУ \"Школа №55\"","Хасанова","А.","М.","ж",11,11,30,100,"участник","Фатхеева Алена Валерьевна","МБОУ \"Школа № 55\""]
[613,"Советский район","МБОУ \"Гимназия №8 - Центр образования\"","Зайцева","Д.","В.","ж",11,11,30,100,"участник","Соколова Татьяна Александровна","МБОУ \"Гимназия №8-Центр Образования\" Советского района г.Казани"]
[614,"Вахитовский район","МБОУ \"Школа №98\"","Новикова","Е.","Д.","ж",11,11,30,100,"участник","Галимова Лия Владимировна","МБОУ \"Школа №98\" г. Казань"]
[615,"Вахитовский район","МБОУ \"Школа №80 имени Каюма Насыри\"","Юсупова","А.","Р.","ж",11,11,28.5,100,"участник","Аскеров Вагиф Паша оглы","МБОУ \"Школа №80 им.К.Насыри\""]
[616,"Приволжский район","МБОУ \"Школа №68\"","Алякина","Л.","А.","ж",11,11,28.5,100,"участник","Шарафиева Ильсия Амировна","МБОУ \"Школа 68\""]
[617,"Вахитовский район","МБОУ \"Татарская гимназия №1 им.Г.Тукая\"","Хакимьянова","Д.","У.","ж",11,11,28,100,"участник","Ахметшина Алсу Тальгатовна","МБОУ \"Татарская гимназия №1 им.Г.Тукая\""]
[618,"Приволжский район","МБОУ \"Школа №24\"","Борисова","А.","А.","ж",11,11,28,100,"участник","Старшинова Виктория Александровна","МБОУ \"Школа №24\" Приволжского района г.Казани"]
[619,"Вахитовский район","МБОУ \"Школа №80 имени Каюма Насыри\"","Динмухаметова","А.","З.","ж",11,11,27.5,100,"участник","Аскеров Вагиф Паша оглы","МБОУ \"Школа №80 им.К.Насыри\""]
[620,"Советский район","МБОУ \"Школа №171\"","Миннегалиев ","К.","Р.","м",11,11,25.5,100,"участник","Файзуллин Эмиль Равилевич","МБОУ \"Школа 171\""]
[621,"Вахитовский район","МАОУ \"Школа №18\"","Давлетшина","А.","И.","ж",11,11,25,100,"участник","Бухарина Ирина Владимировна","МАОУ\"школа№18\""]
[622,"Приволжский район","МБОУ \"Школа №10\"","Истопленникова","Д.","С.","ж",11,11,24.5,100,"участник","Караметдинова Розалия Файзелхаковна","МБОУ \"Школа №10\""]
[623,"Московский район","МБОУ \"Татарская гимназия №2 при КФУ\"","Гимадиев","А.","А.","м",11,11,24,100,"участник","Шакирова Рузиля Раисовна","МБОУ \"Татарская гимназия №2 при КФУ\""]
[624,"Советский район","МБОУ \"Многопрофильный лицей №187\"","Роденко","А.","А.","м",11,11,24,100,"участник","Файзуллина Альбина Маликовна","МБОУ \"Многопрофильный лицей №187\""]
[625,"Приволжский район","МБОУ \"Лицей №83-Центр образования\"","Аксанов","Н.","Р.","м",11,11,24,100,"участник","Волкова Эльвира Николаевна","МБОУ \"Лицей 83-ЦО\""]
[626,"Вахитовский район","МБОУ \"Школа №13\"","Абрамов","А.","А.","м",11,11,24,100,"участник","Каллаур А.А.","МБОУ \"Школа №13\""]
[627,"Московский район","МБОУ \"Гимназия №12 имени Ф.Г.Аитовой\"","Чепекова","А.","А.","ж",11,11,23,100,"участник","Шувалова Елена Михайловна","МБОУ \"Гимназия №12 им. Ф.Г. Аитовой с татарским языком обучения\""]
[628,"Вахитовский район","МАОУ \"Школа №18\"","Джанзакова","Э.","И.","ж",11,11,23,100,"участник","Бухарина Ирина Владимировна","МАОУ\"школа№18\""]
[629,"Московский район","МБОУ \"Гимназия №20 \"Гармония\"","Никонов","И.","Д.","м",11,11,23,100,"участник","Конышева Елена Валентиновна"]
[630,"Советский район","МБОУ \"Гимназия №8 - Центр образования\"","Моряшов","Я.","В.","м",11,11,22.5,100,"участник","Трубникова Юлия Рустамовна","МБОУ \"Гимназия №8-Центр Образования\" Советского района г.Казани"]
[631,"Вахитовский район","ЧОУ \"Академический Лицей\"","Киреева","В.","В.","ж",11,11,22.5,100,"участник","Ковенко Дмитрий Дмитриевич","ЧОУ \"Академический лицей\""]
[632,"Приволжский район","СУНЦ IT-лицей КФУ","Гвоздикова","В.","А.","ж",11,11,22.5,100,"участник","Галимзянова Мадина Ахтямовна","СУНЦ IT-лицей КФУ"]
[633,"Приволжский район","МБОУ \"Школа №24\"","Куликова","Д.","Д.","ж",11,11,22.5,100,"участник","Старшинова Виктория Александровна","МБОУ \"Школа №24\" Приволжского района г.Казани"]
[634,"Вахитовский район","МБОУ \"Гимназия №27\"","Мустафина","Н.","И.","ж",11,11,22,100,"участник","Батреев Ильдус Фирдусович","МБОУ \"Гимназия №27\""]
[635,"Приволжский район","МБОУ \"Гимназия №18\"","Хуснутдинов","И.","М.","м",11,11,22,100,"участник","Мансурова Гульчачак Асгатовна","МБОУ \"Гимназия №18 с татарским языком обучения -\"Галэм\" Приволжского района г.Казани"]
[636,"Приволжский район","МБОУ \"Гимназия №6\"","Матвеев","Н.","А.","м",11,11,22,100,"участник","Зелепукина Людмила Георгиевна","МБОУ\"Гимназия №6\" Приволжского района г. Казани"]
[637,"Приволжский район","МБОУ \"Лицей №78 \"Фарватер\"","Маннанов","А.","Т.","м",11,11,21.5,100,"участник","Тумакаева Зухра Наилевна","МБОУ \"Лицей № 78 \"Фарватер\" Приволжского района г.Казани"]
[638,"Московский район","МБОУ \"Школа №120\" Московского района г.Казани","Макарова","А.","М.","ж",11,11,21,100,"участник","Михеев Максим Вячеславович","МБОУ \"СОШ №120\" Московского района г.Казани"]
[639,"Авиастроительный район","МБОУ \"Школа №54\"","Галимова","С.","Р.","ж",11,11,21,100,"участник","Гараева Елена Ураловна","МБОУ \"Школа № 54\""]
[640,"Московский район","МБОУ \"Гимназия №75\"","Носов","К.","Д.","м",11,11,21,100,"участник","Артамошина Марина Александровна","МБОУ \"Гимназия 75\""]
[641,"Приволжский район","МБОУ \"Школа №10\"","Валиева","А.","А.","ж",11,11,21,100,"участник","Караметдинова Розалия Файзелхаковна","МБОУ \"Школа №10\""]
[642,"Вахитовский район","МБОУ \"Школа №80 имени Каюма Насыри\"","Гаврюшина","С.","А.","ж",11,11,20.5,100,"участник","Аскеров Вагиф Паша оглы","МБОУ \"Школа №80 им.К.Насыри\""]
[643,"Советский район","МБОУ \"Гимназия №8 - Центр образования\"","Иванова","С.","И.","ж",11,11,20,100,"участник","Соколова Татьяна Александровна","МБОУ \"Гимназия №8-Центр Образования\" Советского района г.Казани"]
[644,"Приволжский район","МБОУ \"Школа №173\"","Мустафина","Р.","Р.","ж",11,11,20,100,"участник","самопоготовка","МБОУ \"Школа №173\""]
[645,"Вахитовский район","МБОУ \"Школа №80 имени Каюма Насыри\"","Кутузова","А.","Н.","ж",11,11,19,100,"участник","Аскеров Вагиф Паша оглы","МБОУ \"Школа №80 им.К.Насыри\""]
[646,"Кировский район","МБОУ \"Школа №70\"","Гайнутдинов","Н.","М.","м",11,11,18.5,100,"участник","Барышева Вера Николаевна","Муниципальное бюджетное общеобразовательное учреждение \"Средняя общеобразовательная школа № 70 с углубленным изучением отдельных предметов\" Кировского района г.Казани"]
[647,"Вахитовский район","МБОУ \"Гимназия №27\"","Садыкова","Р.","А.","ж",11,11,18,100,"участник","Батреев Ильдус Фирдусович","МБОУ \"Гимназия №27\""]
[648,"Вахитовский район","МБОУ \"Школа №98\"","Джорджикия","А.","Г.","м",11,11,17.5,100,"участник","Галимова Лия Владимировна","МБОУ \"Школа №98\" г. Казань"]
[649,"Вахитовский район","СОШИ \"Лицей имени Н.И.Лобачевского\" КФУ","Шагиахметов","Р.","М.","ж",11,11,16,100,"участник","Егорова Алевтина Николаевна","СОШИ \"Лицей имени Н.И.Лобачевского\" КФУ"]
[650,"Вахитовский район","СОШИ \"Лицей имени Н.И.Лобачевского\" КФУ","Шарапов","Д.","А.","ж",11,11,16,100,"участник","Егорова Алевтина Николаевна","СОШИ \"Лицей имени Н.И.Лобачевского\" КФУ"]
[651,"Вахитовский район","МБОУ \"Школа №13\"","Посадский","А.","В.","м",11,11,16,100,"участник","Каллаур А.А.","МБОУ \"Школа №13\""]
[652,"Вахитовский район","МБОУ \"Школа №80 имени Каюма Насыри\"","Дерябина","А.","К.","ж",11,11,15,100,"участник","Аскеров Вагиф Паша оглы","МБОУ \"Школа №80 им.К.Насыри\""]
[653,"Вахитовский район","МБОУ \"Татарская гимназия №1 им.Г.Тукая\"","Волкова","Д.","А.","ж",11,11,15,100,"участник","Ахметшина Алсу Тальгатовна","МБОУ \"Татарская гимназия №1 им.Г.Тукая\""]
[654,"Кировский район","МБОУ \"Школа №57\"","Шафикова","А.","Р.","ж",11,11,14.5,100,"участник","Варфоломеева Зоя Владимировна","МБОУ \"Школа № 57\""]
[655,"Вахитовский район","МБОУ \"Школа №80 имени Каюма Насыри\"","Сахабиев","Н.","И.","м",11,11,13.5,100,"участник","Аскеров Вагиф Паша оглы","МБОУ \"Школа №80 им.К.Насыри\""]
[656,"Вахитовский район","МБОУ \"Школа №80 имени Каюма Насыри\"","Кашапов","Р.","Ф.","м",11,11,12.5,100,"участник","Аскеров Вагиф Паша оглы","МБОУ \"Школа №80 им.К.Насыри\""]
[657,"Ново-Савиновский район","МБОУ \"Гимназия №7\"","Орлов","Д.","Д.","м",11,11,12,100,"участник","Мелехова Гульнара Ильдусовна","МБОУ \"Гимназия №7 им. Героя России Козина А.В.\""]
[658,"Московский район","МБОУ \"Школа №64\"","Казаков","Е.","К.","м",11,11,12,100,"участник","Перепеченова Наталья Николаевна","МБОУ \"Школа № 64\""]
[659,"Вахитовский район","МБОУ \"Гимназия №27\"","Багыров","И.","Э.","м",11,11,12,100,"участник","Батреев Ильдус Фирдусович","МБОУ \"Гимназия №27\""]
[660,"Московский район","МБОУ \"Гимназия №12 имени Ф.Г.Аитовой\"","Шувалова","В.","А.","ж",11,11,11.5,100,"участник","Шувалова Елена Михайловна","МБОУ \"Гимназия №12 им. Ф.Г. Аитовой с татарским языком обучения\""]
[661,"Авиастроительный район","МБОУ \"Гимназия №33\"","Зарипов","А.","М.","м",11,11,11,100,"участник","Валиев Ильмар Ильдарович","МБОУ \"Гимназия №33\" Авиастроительного района г.Казани"]
[662,"Кировский район","МБОУ \"Лицей №182\"","Староверова","Л.","М.","ж",11,11,11,100,"участник","Кудрявцева Марина Васильевна","МБОУ \"Лицей №182\""]
[663,"Вахитовский район","МБОУ \"Школа №80 имени Каюма Насыри\"","Сафин","С.","Р.","м",11,11,11,100,"участник","Аскеров Вагиф Паша оглы","МБОУ \"Школа №80 им.К.Насыри\""]
[664,"Вахитовский район","МБОУ \"Школа №80 имени Каюма Насыри\"","Ахметзянова","П.","Р.","ж",11,11,11,100,"участник","Аскеров Вагиф Паша оглы","МБОУ \"Школа №80 им.К.Насыри\""]
[665,"Советский район","МАОУ \"Гимназия №141\"","Исхаков","С.","Р.","м",11,11,10.5,100,"участник","Идиятова Алена Валерьевна","МАОУ «Гимназия №141»"]
[666,"Советский район","МБОУ \"Школа №124\"","Сайфуллина","Я.","М.","ж",11,11,9,100,"участник","Гимадеева Лилия Хайдяровна","МБОУ СОШ №124"]
[667,"Советский район","МБОУ \"Гимназия №184\"","Каяшова","Е.","Е.","ж",11,11,8,100,"участник","Никифоров Сергей Анатольевич","МБОУ \"Гимназия № 184\""]
[668,"Вахитовский район","МБОУ \"Гимназия №96\"","Гиниатуллин","А.","Э.","м",11,11,8,100,"участник","Гиниатуллина Венера Ильдаровна","МБОУ Гимназия №96"]
[669,"Вахитовский район","МБОУ \"Школа №80 имени Каюма Насыри\"","Ключарева","С.","А.","ж",11,11,6,100,"участник","Аскеров Вагиф Паша оглы","МБОУ \"Школа №80 им.К.Насыри\""]

{"sheet":"Лист2","index":1,"n_rows":0,"n_cols":0,"rows_kept":0}